{"text_format":"3","workbook":"xlsx","n_sheets":2,"sheets":["SUMMARY","ESTIMATE"],"not_rendered":{"images":2,"defined_names":3},"read":"whole","date_system":"1900"}

{"sheet":"SUMMARY","index":0,"n_rows":16,"n_cols":5,"rows_kept":16,"merged":[[0,4,0,5],[0,9,0,10],[0,11,0,15],[1,4,1,5],[1,6,1,10],[2,0,2,2],[2,4,2,5],[2,6,2,10],[3,0,3,2]]}
[]
[{"$nulls":4},"Project Name:"]
["www.biddingpartners.com",{"$nulls":3},"Address:"]
["+1 (347) 994-0941"]
[]
[null,"CSI DIV.","DESCRIPTION","TOTAL TRADE COST","REMARKS"]
[]
[null,"DIV.01","GENERAL CONDITIONS",{"$f":"ESTIMATE!P8","v":{"v":170033.98400000003,"d":"$170,033.98"}}]
[{"$f":"IF(G9<>\"\",1+MAX($A$6:A8),\"\")","v":""},{"$f":"ESTIMATE!D14","v":"DIV. 02"},{"$f":"ESTIMATE!E14","v":"DEMOLITION / EXISTING CONDITIONS"},{"$f":"ESTIMATE!P14","v":{"v":45496.719999999994,"d":"$45,496.72"}}]
[{"$f":"IF(G10<>\"\",1+MAX($A$6:A9),\"\")","v":""},"DIV.31","EARTHWORKS",{"$f":"ESTIMATE!P26","v":{"v":2435137.8188703707,"d":"$2,435,137.82"}}]
[{"$f":"IF(G11<>\"\",1+MAX($A$6:A9),\"\")","v":""},"DIV.32","EXTERIOR IMPROVEMENTS",{"$f":"ESTIMATE!P66","v":{"v":2764422.7818874074,"d":"$2,764,422.78"}}]
[{"$f":"IF(G12<>\"\",1+MAX($A$6:A11),\"\")","v":""},"DIV.33","UTILITIES",{"$f":"ESTIMATE!P216","v":{"v":81403.44389200002,"d":"$81,403.44"}}]
[{"$f":"IF(G13<>\"\",1+MAX($A$6:A8),\"\")","v":""}]
[null,null,"SUBTOTAL",{"$f":"SUM(D8:D13)","v":{"v":5496494.748649778,"d":"$5,496,494.75"}}]
[null,null,"OVERHEAD & PROFIT - 25%",{"$f":"0.25*D14","v":{"v":1374123.6871624445,"d":"$1,374,123.69"}}]
[null,null,"TOTAL BID",{"$f":"SUM(D14:D15)","v":{"v":6870618.435812222,"d":"$6,870,618.44"}}]

{"sheet":"ESTIMATE","index":1,"n_rows":305,"n_cols":21,"rows_kept":305,"merged":[[0,9,0,10],[0,11,0,15],[1,9,1,10],[1,11,1,15],[2,0,2,3],[2,9,2,10],[2,11,2,15],[3,0,3,3],[302,0,302,3],[304,0,304,3]]}
[]
[{"$nulls":9},"Project Name:"]
["www.biddingpartners.com",{"$nulls":8},"Address:"]
[{"v":3479940941,"d":"+1 (347) 994-0941"}]
[]
["SR #","REFERENCE SHEET","DETAIL SHEET","CSI SECT","DESCRIPTION","QTY.","WASTAGE","QTY WITH\nWASTAGE","UNIT OF\nMEASURMENT","UNIT LABOR COST","TOTAL LABOR COST","UNIT MATERIAL COST","TOTAL MATERIAL COST","UNIT COST","TOTAL ITEM\nCOST","TOTAL TRADE\nCOST"]
[]
[{"$nulls":3},"DIV. 01","GENERAL REQUIREMENTS",{"$nulls":10},{"$f":"SUM(O9:O13)","v":{"v":170033.98400000003,"d":"$170,034"}}]
[]
[{"$f":"IF(I10<>\"\",1+MAX($A$6:A9),\"\")","v":1},{"$nulls":3},"PERMITS & SITE SUPERVISION FEE",1,{"v":0,"d":"0%"},{"$f":"F10*(1+G10)","v":1},"LS",{"$nulls":4},{"v":106271.24,"d":"$106,271.2"},{"$f":"N10*H10","v":{"v":106271.24,"d":"$106,271"}}]
[{"$f":"IF(I11<>\"\",1+MAX($A$6:A10),\"\")","v":2},{"$nulls":3},"Allowances",1,{"v":0,"d":"0%"},{"$f":"F11*(1+G11)","v":1},"LS",{"$nulls":4},{"v":26567.81,"d":"$26,567.8"},{"$f":"N11*H11","v":{"v":26567.81,"d":"$26,568"}}]
[{"$f":"IF(I12<>\"\",1+MAX($A$6:A11),\"\")","v":3},{"$nulls":3},"Mobilization",1,{"v":0,"d":"0%"},{"$f":"F12*(1+G12)","v":1},"LS",{"$nulls":4},{"v":37194.934,"d":"$37,194.9"},{"$f":"N12*H12","v":{"v":37194.934,"d":"$37,195"}}]
[{"$f":"IF(I13<>\"\",1+MAX($A$6:A12),\"\")","v":""}]
[{"$f":"IF(I14<>\"\",1+MAX($A$6:A13),\"\")","v":""},null,null,"DIV. 02","DEMOLITION / EXISTING CONDITIONS",{"$nulls":10},{"$f":"SUM(O17:O25)","v":{"v":45496.719999999994,"d":"$45,497"}}]
[{"$f":"IF(I15<>\"\",1+MAX($A$6:A14),\"\")","v":""}]
[{"$f":"IF(I16<>\"\",1+MAX($A$6:A15),\"\")","v":""},{"$nulls":3},"SITE DEMOLITION"]
[{"$f":"IF(I17<>\"\",1+MAX($A$6:A16),\"\")","v":""}]
[{"$f":"IF(I18<>\"\",1+MAX($A$6:A17),\"\")","v":4},"C-1","C-1",null,"Remove Existing Asphalt Pavement",{"v":1050.32,"d":"1,050"},{"v":0,"d":"0%"},{"$f":"F18*(1+G18)","v":{"v":1050.32,"d":"1050"}},"SF",{"v":4,"d":"$4.0"},{"$f":"J18*H18","v":{"v":4201.28,"d":"$4,201.28"}},0,0,{"v":4,"d":"$4.0"},{"$f":"N18*H18","v":{"v":4201.28,"d":"$4,201"}}]
[{"$f":"IF(I19<>\"\",1+MAX($A$6:A18),\"\")","v":5},"C-1","C-1",null,"1-1/2\" Mill & Overlay Existing Asphalt Pavement",{"v":2780.22,"d":"2,780"},{"v":0,"d":"0%"},{"$f":"F19*(1+G19)","v":{"v":2780.22,"d":"2780"}},"SF",{"v":12,"d":"$12.0"},{"$f":"J19*H19","v":{"v":33362.64,"d":"$33,362.64"}},0,0,{"v":12,"d":"$12.0"},{"$f":"N19*H19","v":{"v":33362.64,"d":"$33,363"}}]
[{"$f":"IF(I20<>\"\",1+MAX($A$6:A19),\"\")","v":6},"C-1","C-1",null,"Remove Existing Striping",{"v":276.2,"d":"276"},{"v":0,"d":"0%"},{"v":276.2,"d":"276"},"LF",{"v":1,"d":"$1.0"},{"v":276.2,"d":"$276.20"},0,0,{"v":1,"d":"$1.0"},{"v":276.2,"d":"$276"}]
[{"$f":"IF(I21<>\"\",1+MAX($A$6:A20),\"\")","v":7},"C-1","C-1",null,"Saw Cut Existing Asphalt Pavement (Saw Cut To Provide Smooth Edge)",{"v":47.26,"d":"47"},{"v":0,"d":"0%"},{"v":47.26,"d":"47"},"LF",{"v":35,"d":"$35.0"},{"v":1654.1,"d":"$1,654.10"},0,0,{"v":35,"d":"$35.0"},{"v":1654.1,"d":"$1,654"}]
[{"$f":"IF(I22<>\"\",1+MAX($A$6:A21),\"\")","v":8},"C-1","C-1",null,"Remove Existing 18\" Dia RCP Drain Pipe",{"v":43.3,"d":"43"},{"v":0,"d":"0%"},{"v":43.3,"d":"43"},"LF",{"v":75,"d":"$75.0"},{"v":3247.5,"d":"$3,247.50"},0,0,{"v":75,"d":"$75.0"},{"v":3247.5,"d":"$3,248"}]
[{"$f":"IF(I23<>\"\",1+MAX($A$6:A22),\"\")","v":9},"C-1","C-1",null,"Remove Existing Traffic Control Legend \" Only\" Text",1,{"v":0,"d":"0%"},1,"EA",{"v":75,"d":"$75.0"},{"v":75,"d":"$75.00"},0,0,{"v":75,"d":"$75.0"},{"v":75,"d":"$75"}]
[{"$f":"IF(I24<>\"\",1+MAX($A$6:A23),\"\")","v":10},"C-1","C-1",null,"Remove Existing Wooden Poles",4,{"v":0,"d":"0%"},4,"EA",{"v":670,"d":"$670.0"},{"v":2680,"d":"$2,680.00"},0,0,{"v":670,"d":"$670.0"},{"v":2680,"d":"$2,680"}]
[{"$f":"IF(I25<>\"\",1+MAX($A$6:A24),\"\")","v":""}]
[{"$f":"IF(I26<>\"\",1+MAX($A$6:A25),\"\")","v":""},null,null,"DIV. 31","EARTHWORKS",{"$nulls":10},{"$f":"SUM(O30:O65)","v":{"v":2435137.8188703707,"d":"$2,435,138"}}]
[{"$f":"IF(I27<>\"\",1+MAX($A$6:A26),\"\")","v":""}]
[{"$f":"IF(I28<>\"\",1+MAX($A$6:A27),\"\")","v":""},{"$nulls":3},"EXCAVATION & BACKFILL"]
[{"$f":"IF(I29<>\"\",1+MAX($A$6:A28),\"\")","v":""}]
[{"$f":"IF(I30<>\"\",1+MAX($A$6:A29),\"\")","v":""},{"$nulls":3},"STORM PIPES"]
[{"$f":"IF(I31<>\"\",1+MAX($A$6:A30),\"\")","v":""}]
[{"$f":"IF(I32<>\"\",1+MAX($A$6:A31),\"\")","v":11},"C-4 , C9","C-4 , C9",null,"Excavation",{"v":258.19444444444446,"d":"258"},{"v":0.1,"d":"10%"},{"$f":"F32*(1+G32)","v":{"v":284.0138888888889,"d":"284"}},"CY",{"v":75,"d":"$75.0"},{"$f":"J32*H32","v":{"v":21301.041666666668,"d":"$21,301.04"}},0,{"$f":"L32*H32","v":0},{"v":75,"d":"$75.0"},{"$f":"N32*H32","v":{"v":21301.041666666668,"d":"$21,301"}}]
[{"$f":"IF(I33<>\"\",1+MAX($A$6:A32),\"\")","v":12},"C-4 , C9","C-4 , C9",null,"4\" Backfill (Class I Gravel Fill) - Haunch & Bedding",{"v":34.08166666666667,"d":"34"},{"v":0.1,"d":"10%"},{"v":37.489833333333344,"d":"37"},"CY",{"v":25.849999999999998,"d":"$25.9"},{"v":969.1121916666668,"d":"$969.11"},{"v":29.150000000000002,"d":"$29.15"},{"v":1092.828641666667,"d":"$1,092.83"},{"v":55,"d":"$55.0"},{"v":2061.940833333334,"d":"$2,062"}]
[{"$f":"IF(I34<>\"\",1+MAX($A$6:A33),\"\")","v":13},"C-4 , C9","C-4 , C9",null,"24\" Backfill (Class I Gravel Fill) - Initial Fill",{"v":150.27555555555554,"d":"150"},{"v":0.1,"d":"10%"},{"v":165.30311111111112,"d":"165"},"CY",{"v":40,"d":"$40.0"},{"v":6612.124444444445,"d":"$6,612.12"},0,0,{"v":40,"d":"$40.0"},{"v":6612.124444444445,"d":"$6,612"},{"$nulls":3},{"$f":"1.5*1.5","v":2.25},null,{"$f":"S34/4","v":0.5625}]
[{"$f":"IF(I35<>\"\",1+MAX($A$6:A34),\"\")","v":14},"C-4 , C9","C-4 , C9",null,"6\" Backfill (Native Fill)  - Final Fill",{"v":51.638888888888886,"d":"52"},{"v":0.1,"d":"10%"},{"v":56.80277777777778,"d":"57"},"CY",{"v":30,"d":"$30.0"},{"v":1704.0833333333333,"d":"$1,704.08"},0,0,{"v":30,"d":"$30.0"},{"v":1704.0833333333333,"d":"$1,704"},{"$nulls":5},{"$f":"U34*3.14","v":1.76625}]
[{"$f":"IF(I36<>\"\",1+MAX($A$6:A35),\"\")","v":""}]
[{"$f":"IF(I37<>\"\",1+MAX($A$6:A36),\"\")","v":""},{"$nulls":3},"WATER PIPES"]
[{"$f":"IF(I38<>\"\",1+MAX($A$6:A37),\"\")","v":""}]
[{"$f":"IF(I39<>\"\",1+MAX($A$6:A38),\"\")","v":15},"C-3 , C9","C-3 , C9",null,"Excavation",{"v":173.11111111111111,"d":"173"},{"v":0.1,"d":"10%"},{"$f":"F39*(1+G39)","v":{"v":190.42222222222225,"d":"190"}},"CY",{"v":75,"d":"$75.0"},{"$f":"J39*H39","v":{"v":14281.666666666668,"d":"$14,281.67"}},0,{"$f":"L39*H39","v":0},{"v":75,"d":"$75.0"},{"$f":"N39*H39","v":{"v":14281.666666666668,"d":"$14,282"}}]
[{"$f":"IF(I40<>\"\",1+MAX($A$6:A39),\"\")","v":16},"C-3 , C9","C-3 , C9",null,"4\" Backfill (Class I Gravel Fill) - Haunch & Bedding",{"v":28.563333333333336,"d":"29"},{"v":0.1,"d":"10%"},{"v":31.41966666666667,"d":"31"},"CY",{"v":25.849999999999998,"d":"$25.9"},{"v":812.1983833333334,"d":"$812.20"},{"v":29.150000000000002,"d":"$29.15"},{"v":915.8832833333336,"d":"$915.88"},{"v":55,"d":"$55.0"},{"v":1728.081666666667,"d":"$1,728"}]
[{"$f":"IF(I41<>\"\",1+MAX($A$6:A40),\"\")","v":17},"C-3 , C9","C-3 , C9",null,"12\" Backfill (Class I Gravel Fill) - Initial Fill",{"v":80.89555555555556,"d":"81"},{"v":0.1,"d":"10%"},{"v":88.98511111111112,"d":"89"},"CY",{"v":40,"d":"$40.0"},{"v":3559.404444444445,"d":"$3,559.40"},0,0,{"v":40,"d":"$40.0"},{"v":3559.404444444445,"d":"$3,559"},{"$nulls":3},{"$f":"0.5*0.5","v":0.25},null,{"$f":"S41/4","v":0.0625}]
[{"$f":"IF(I42<>\"\",1+MAX($A$6:A41),\"\")","v":18},"C-3 , C9","C-3 , C9",null,"6\" Backfill (Native Fill)  - Final Fill",{"v":51.638888888888886,"d":"52"},{"v":0.1,"d":"10%"},{"v":56.80277777777778,"d":"57"},"CY",{"v":30,"d":"$30.0"},{"v":1704.0833333333333,"d":"$1,704.08"},0,0,{"v":30,"d":"$30.0"},{"v":1704.0833333333333,"d":"$1,704"},{"$nulls":5},{"$f":"U41*3.14","v":0.19625}]
[{"$f":"IF(I43<>\"\",1+MAX($A$6:A42),\"\")","v":""}]
[{"$f":"IF(I44<>\"\",1+MAX($A$6:A43),\"\")","v":""},{"$nulls":3},"SEWER PIPES"]
[{"$f":"IF(I45<>\"\",1+MAX($A$6:A44),\"\")","v":""}]
[{"$f":"IF(I46<>\"\",1+MAX($A$6:A45),\"\")","v":19},"C-3 , C9","C-3 , C9",null,"Excavation",{"v":28.444444444444443,"d":"28"},{"v":0.1,"d":"10%"},{"$f":"F46*(1+G46)","v":{"v":31.28888888888889,"d":"31"}},"CY",{"v":75,"d":"$75.0"},{"$f":"J46*H46","v":{"v":2346.666666666667,"d":"$2,346.67"}},0,{"$f":"L46*H46","v":0},{"v":75,"d":"$75.0"},{"$f":"N46*H46","v":{"v":2346.666666666667,"d":"$2,347"}}]
[{"$f":"IF(I47<>\"\",1+MAX($A$6:A46),\"\")","v":20},"C-3 , C9","C-3 , C9",null,"4\" Backfill (Class I Gravel Fill) - Haunch & Bedding",{"v":4.693333333333333,"d":"5"},{"v":0.1,"d":"10%"},{"v":5.162666666666667,"d":"5"},"CY",{"v":25.849999999999998,"d":"$25.9"},{"v":133.45493333333334,"d":"$133.45"},{"v":29.150000000000002,"d":"$29.15"},{"v":150.49173333333337,"d":"$150.49"},{"v":55,"d":"$55.0"},{"v":283.9466666666667,"d":"$284"}]
[{"$f":"IF(I48<>\"\",1+MAX($A$6:A47),\"\")","v":21},"C-3 , C9","C-3 , C9",null,"12\" Backfill (Class I Gravel Fill) - Initial Fill",{"v":13.292222222222222,"d":"13"},{"v":0.1,"d":"10%"},{"v":14.621444444444444,"d":"15"},"CY",{"v":40,"d":"$40.0"},{"v":584.8577777777778,"d":"$584.86"},0,0,{"v":40,"d":"$40.0"},{"v":584.8577777777778,"d":"$585"},{"$nulls":3},{"$f":"0.5*0.5","v":0.25},null,{"$f":"S48/4","v":0.0625}]
[{"$f":"IF(I49<>\"\",1+MAX($A$6:A48),\"\")","v":22},"C-3 , C9","C-3 , C9",null,"6\" Backfill (Native Fill)  - Final Fill",{"v":7.703703703703703,"d":"8"},{"v":0.1,"d":"10%"},{"v":8.474074074074075,"d":"8"},"CY",{"v":30,"d":"$30.0"},{"v":254.22222222222223,"d":"$254.22"},0,0,{"v":30,"d":"$30.0"},{"v":254.22222222222223,"d":"$254"},{"$nulls":5},{"$f":"U48*3.14","v":0.19625}]
[{"$f":"IF(I50<>\"\",1+MAX($A$6:A49),\"\")","v":""}]
[{"$f":"IF(I51<>\"\",1+MAX($A$6:A50),\"\")","v":""},{"$nulls":3},"GRADING"]
[{"$f":"IF(I52<>\"\",1+MAX($A$6:A51),\"\")","v":""}]
[{"$f":"IF(I53<>\"\",1+MAX($A$6:A52),\"\")","v":23},"C-4","C-4",null,"Cut",{"v":6281.51703703704,"d":"6,282"},{"v":0.1,"d":"10%"},{"$f":"F53*(1+G53)","v":{"v":6909.668740740744,"d":"6910"}},"CY",{"v":110,"d":"$110.0"},{"$f":"J53*H53","v":{"v":760063.5614814819,"d":"$760,063.56"}},0,0,{"v":110,"d":"$110.0"},{"$f":"N53*H53","v":{"v":760063.5614814819,"d":"$760,064"}}]
[{"$f":"IF(I54<>\"\",1+MAX($A$6:A53),\"\")","v":24},"C-4","C-4",null,"Fill ",{"v":10527.067333333332,"d":"10,527"},{"v":0.1,"d":"10%"},{"$f":"F54*(1+G54)","v":{"v":11579.774066666667,"d":"11580"}},"CY",{"v":35,"d":"$35.0"},{"$f":"J54*H54","v":{"v":405292.09233333333,"d":"$405,292.09"}},0,0,{"v":35,"d":"$35.0"},{"$f":"N54*H54","v":{"v":405292.09233333333,"d":"$405,292"}}]
[{"$f":"IF(I55<>\"\",1+MAX($A$6:A54),\"\")","v":""}]
[{"$f":"IF(I56<>\"\",1+MAX($A$6:A55),\"\")","v":""},{"$nulls":3},"SOIL IMPORTED"]
[{"$f":"IF(I57<>\"\",1+MAX($A$6:A56),\"\")","v":""}]
[{"$f":"IF(I58<>\"\",1+MAX($A$6:A57),\"\")","v":25},"C-4","C-4",null,"Imported Soil",{"$f":"F54-F53","v":{"v":4245.550296296293,"d":"4,246"}},{"v":0.1,"d":"10%"},{"$f":"F58*(1+G58)","v":{"v":4670.105325925922,"d":"4670"}},"CY",{"v":33.75,"d":"$33.8"},{"$f":"J58*H58","v":{"v":157616.0547499999,"d":"$157,616.05"}},{"v":11.25,"d":"$11.25"},{"$f":"L58*H58","v":{"v":52538.68491666663,"d":"$52,538.68"}},{"v":45,"d":"$45.0"},{"$f":"N58*H58","v":{"v":210154.73966666652,"d":"$210,155"}}]
[{"$f":"IF(I59<>\"\",1+MAX($A$6:A58),\"\")","v":""}]
[{"$f":"IF(I60<>\"\",1+MAX($A$6:A59),\"\")","v":""},{"$nulls":3},"CLEARING & GRUBBING"]
[{"$f":"IF(I61<>\"\",1+MAX($A$6:A60),\"\")","v":""}]
[{"$f":"IF(I62<>\"\",1+MAX($A$6:A61),\"\")","v":26},"C-4","C-4",null,"Remove (8\" Thick) Vegetation Top Soil",{"$f":"0.67*223348.12/27","v":{"v":5542.342237037037,"d":"5,542"}},{"v":0.1,"d":"10%"},{"$f":"F62*(1+G62)","v":{"v":6096.576460740742,"d":"6097"}},"CY",{"v":72,"d":"$72.0"},{"$f":"J62*H62","v":{"v":438953.5051733334,"d":"$438,953.51"}},0,0,{"v":72,"d":"$72.0"},{"$f":"N62*H62","v":{"v":438953.5051733334,"d":"$438,954"}}]
[{"$f":"IF(I63<>\"\",1+MAX($A$6:A62),\"\")","v":27},"C-4","C-4",null,"8\" Thick Top Soil (New)",{"$f":"F62","v":{"v":5542.342237037037,"d":"5,542"}},{"v":0.1,"d":"10%"},{"$f":"F63*(1+G63)","v":{"v":6096.576460740742,"d":"6097"}},"CY",{"v":33.75,"d":"$33.8"},{"$f":"J63*H63","v":{"v":205759.45555000004,"d":"$205,759.46"}},{"v":11.25,"d":"$11.25"},{"$f":"L63*H63","v":{"v":68586.48518333335,"d":"$68,586.49"}},{"v":45,"d":"$45.0"},{"$f":"N63*H63","v":{"v":274345.9407333334,"d":"$274,346"}}]
[{"$f":"IF(I64<>\"\",1+MAX($A$6:A63),\"\")","v":28},"C-4","C-4",null,"Land Clearing & Grubbing",{"v":223348.1199999999,"d":"223,348"},{"v":0.1,"d":"10%"},{"$f":"F64*(1+G64)","v":{"v":245682.9319999999,"d":"245683"}},"SF",{"v":1.18,"d":"$1.2"},{"$f":"J64*H64","v":{"v":289905.8597599999,"d":"$289,905.86"}},0,0,{"v":1.18,"d":"$1.2"},{"$f":"N64*H64","v":{"v":289905.8597599999,"d":"$289,906"}}]
[{"$f":"IF(I65<>\"\",1+MAX($A$6:A64),\"\")","v":""}]
[{"$f":"IF(I66<>\"\",1+MAX($A$6:A65),\"\")","v":""},null,null,"DIV. 32","EXTERIOR IMPROVEMENTS",{"$nulls":10},{"$f":"SUM(O71:O214)","v":{"v":2764422.7818874074,"d":"$2,764,423"}}]
[{"$f":"IF(I67<>\"\",1+MAX($A$6:A66),\"\")","v":""}]
[{"$f":"IF(I68<>\"\",1+MAX($A$6:A67),\"\")","v":""},{"$nulls":3},"CIVIL WORKS"]
[{"$f":"IF(I69<>\"\",1+MAX($A$6:A68),\"\")","v":""}]
[{"$f":"IF(I70<>\"\",1+MAX($A$6:A69),\"\")","v":""},{"$nulls":3},"HEAVY DUTY ASPHALT PAVEMENT"]
[{"$f":"IF(I71<>\"\",1+MAX($A$6:A70),\"\")","v":""}]
[{"$f":"IF(I72<>\"\",1+MAX($A$6:A71),\"\")","v":29},"C-2","C-9",null,"1-1/2\" Thick Asphaltic Concrete Wearing Coarse",{"v":35747.31,"d":"35,747"},{"v":0.1,"d":"10%"},{"$f":"F72*(1+G72)","v":{"v":39322.041,"d":"39322"}},"SF",{"v":2.3499999999999996,"d":"$2.4"},{"$f":"J72*H72","v":{"v":92406.79634999998,"d":"$92,406.80"}},{"v":2.6500000000000004,"d":"$2.65"},{"$f":"L72*H72","v":{"v":104203.40865000001,"d":"$104,203.41"}},{"v":5,"d":"$5.0"},{"$f":"N72*H72","v":{"v":196610.205,"d":"$196,610"}}]
[{"$f":"IF(I73<>\"\",1+MAX($A$6:A72),\"\")","v":30},"C-2","C-9",null,"3-1/2\" Thick Asphaltic Concrete Binder Coarse",{"$f":"F72","v":{"v":35747.31,"d":"35,747"}},{"v":0.1,"d":"10%"},{"$f":"F73*(1+G73)","v":{"v":39322.041,"d":"39322"}},"SF",{"v":1.974,"d":"$2.0"},{"$f":"J73*H73","v":{"v":77621.708934,"d":"$77,621.71"}},{"v":2.2260000000000004,"d":"$2.23"},{"$f":"L73*H73","v":{"v":87530.86326600001,"d":"$87,530.86"}},{"v":4.2,"d":"$4.2"},{"$f":"N73*H73","v":{"v":165152.5722,"d":"$165,153"}}]
[{"$f":"IF(I74<>\"\",1+MAX($A$6:A73),\"\")","v":31},"C-2","C-9",null,"6\" Thick Graded Aggregate Base Coarse",{"$f":"F72*0.5/27","v":{"v":661.9872222222222,"d":"662"}},{"v":0.1,"d":"10%"},{"$f":"F74*(1+G74)","v":{"v":728.1859444444444,"d":"728"}},"CY",{"v":36.04,"d":"$36.0"},{"$f":"J74*H74","v":{"v":26243.821437777777,"d":"$26,243.82"}},{"v":31.959999999999997,"d":"$31.96"},{"$f":"L74*H74","v":{"v":23272.82278444444,"d":"$23,272.82"}},{"v":68,"d":"$68.0"},{"$f":"N74*H74","v":{"v":49516.644222222225,"d":"$49,517"}}]
[{"$f":"IF(I75<>\"\",1+MAX($A$6:A74),\"\")","v":32},"C-2","C-9",null,"12\" Thick Density Approved Subgrade Or Imported Fill",{"$f":"F72*1/27","v":{"v":1323.9744444444443,"d":"1,324"}},{"v":0.1,"d":"10%"},{"$f":"F75*(1+G75)","v":{"v":1456.3718888888889,"d":"1456"}},"CY",{"v":21.15,"d":"$21.2"},{"$f":"J75*H75","v":{"v":30802.26545,"d":"$30,802.27"}},{"v":23.85,"d":"$23.85"},{"$f":"L75*H75","v":{"v":34734.46955,"d":"$34,734.47"}},{"v":45,"d":"$45.0"},{"$f":"N75*H75","v":{"v":65536.735,"d":"$65,537"}}]
[{"$f":"IF(I76<>\"\",1+MAX($A$6:A75),\"\")","v":""}]
[{"$f":"IF(I77<>\"\",1+MAX($A$6:A76),\"\")","v":""},{"$nulls":3},"LIGHT DUTY ASPHALT PAVEMENT"]
[{"$f":"IF(I78<>\"\",1+MAX($A$6:A77),\"\")","v":""}]
[{"$f":"IF(I79<>\"\",1+MAX($A$6:A78),\"\")","v":33},"C-2","C-9",null,"1-1/2\" Thick Asphaltic Concrete Wearing Coarse",{"v":25733.98,"d":"25,734"},{"v":0.1,"d":"10%"},{"$f":"F79*(1+G79)","v":{"v":28307.378,"d":"28307"}},"SF",{"v":2.1149999999999998,"d":"$2.1"},{"$f":"J79*H79","v":{"v":59870.10446999999,"d":"$59,870.10"}},{"v":2.3850000000000002,"d":"$2.39"},{"$f":"L79*H79","v":{"v":67513.09653000001,"d":"$67,513.10"}},{"v":4.5,"d":"$4.5"},{"$f":"N79*H79","v":{"v":127383.201,"d":"$127,383"}}]
[{"$f":"IF(I80<>\"\",1+MAX($A$6:A79),\"\")","v":34},"C-2","C-9",null,"2\" Thick Asphaltic Concrete Binder Coarse",{"v":537.12,"d":"537"},{"v":0.1,"d":"10%"},{"$f":"F80*(1+G80)","v":{"v":590.8320000000001,"d":"591"}},"SF",{"v":1.833,"d":"$1.8"},{"v":1082.9950560000002,"d":"$1,083.00"},{"v":2.067,"d":"$2.07"},{"$f":"L80*H80","v":{"v":1221.2497440000004,"d":"$1,221.25"}},{"v":3.9,"d":"$3.9"},{"$f":"N80*H80","v":{"v":2304.2448000000004,"d":"$2,304"}}]
[{"$f":"IF(I81<>\"\",1+MAX($A$6:A80),\"\")","v":35},"C-2","C-9",null,"6\" Thick Graded Aggregate Base Coarse",{"$f":"F79*0.5/27","v":{"v":476.55518518518517,"d":"477"}},{"v":0.1,"d":"10%"},{"$f":"F81*(1+G81)","v":{"v":524.2107037037038,"d":"524"}},"CY",{"v":36.04,"d":"$36.0"},{"$f":"J81*H81","v":{"v":18892.553761481482,"d":"$18,892.55"}},{"v":31.959999999999997,"d":"$31.96"},{"$f":"L81*H81","v":{"v":16753.77409037037,"d":"$16,753.77"}},{"v":68,"d":"$68.0"},{"$f":"N81*H81","v":{"v":35646.32785185186,"d":"$35,646"}}]
[{"$f":"IF(I82<>\"\",1+MAX($A$6:A81),\"\")","v":36},"C-2","C-9",null,"12\" Thick Density Approved Subgrade Or Imported Fill",{"$f":"F79*1/27","v":{"v":953.1103703703703,"d":"953"}},{"v":0.1,"d":"10%"},{"$f":"F82*(1+G82)","v":{"v":1048.4214074074075,"d":"1048"}},"CY",{"v":21.15,"d":"$21.2"},{"$f":"J82*H82","v":{"v":22174.11276666667,"d":"$22,174.11"}},{"v":23.85,"d":"$23.85"},{"$f":"L82*H82","v":{"v":25004.85056666667,"d":"$25,004.85"}},{"v":45,"d":"$45.0"},{"$f":"N82*H82","v":{"v":47178.96333333334,"d":"$47,179"}}]
[{"$f":"IF(I83<>\"\",1+MAX($A$6:A82),\"\")","v":""}]
[{"$f":"IF(I84<>\"\",1+MAX($A$6:A83),\"\")","v":""},{"$nulls":3},"ALDOT ASPHALT DRIVEWAY"]
[{"$f":"IF(I85<>\"\",1+MAX($A$6:A84),\"\")","v":""}]
[{"$f":"IF(I86<>\"\",1+MAX($A$6:A85),\"\")","v":37},"C-2","C-7",null,"1/2\" Thick Superpave Bituminous Concrete Wearing Coarse",{"v":3893.7,"d":"3,894"},{"v":0.1,"d":"10%"},{"$f":"F86*(1+G86)","v":{"v":4283.07,"d":"4283"}},"SF",{"v":1.7859999999999998,"d":"$1.8"},{"$f":"J86*H86","v":{"v":7649.563019999999,"d":"$7,649.56"}},{"v":2.014,"d":"$2.01"},{"$f":"L86*H86","v":{"v":8626.102979999998,"d":"$8,626.10"}},{"v":3.8,"d":"$3.8"},{"$f":"N86*H86","v":{"v":16275.665999999997,"d":"$16,276"}}]
[{"$f":"IF(I87<>\"\",1+MAX($A$6:A86),\"\")","v":38},"C-2","C-7",null,"1\" Thick Superpave Bituminous Concrete Upper Binder Layer",{"$f":"F86","v":{"v":3893.7,"d":"3,894"}},{"v":0.1,"d":"10%"},{"v":4283.07,"d":"4283"},"SF",{"v":1.3159999999999998,"d":"$1.3"},{"v":5636.520119999999,"d":"$5,636.52"},{"v":1.484,"d":"$1.48"},{"v":6356.075879999999,"d":"$6,356.08"},{"v":2.8,"d":"$2.8"},{"v":11992.595999999998,"d":"$11,993"}]
[{"$f":"IF(I88<>\"\",1+MAX($A$6:A87),\"\")","v":39},"C-2","C-7",null,"1\" Thick Superpave Bituminous Concrete Lower Binder Layer",{"$f":"F87","v":{"v":3893.7,"d":"3,894"}},{"v":0.1,"d":"10%"},{"v":4283.07,"d":"4283"},"SF",{"v":1.3159999999999998,"d":"$1.3"},{"v":5636.520119999999,"d":"$5,636.52"},{"v":1.484,"d":"$1.48"},{"v":6356.075879999999,"d":"$6,356.08"},{"v":2.8,"d":"$2.8"},{"$f":"N88*H88","v":{"v":11992.595999999998,"d":"$11,993"}}]
[{"$f":"IF(I89<>\"\",1+MAX($A$6:A88),\"\")","v":40},"C-2","C-7",null,"1\" Thick Superpave Bituminous Concrete Last Lower Binder Layer",{"$f":"F88","v":{"v":3893.7,"d":"3,894"}},{"v":0.1,"d":"10%"},{"v":4283.07,"d":"4283"},"SF",{"v":1.3159999999999998,"d":"$1.3"},{"v":5636.520119999999,"d":"$5,636.52"},{"v":1.484,"d":"$1.48"},{"v":6356.075879999999,"d":"$6,356.08"},{"v":2.8,"d":"$2.8"},{"$f":"N89*H89","v":{"v":11992.595999999998,"d":"$11,993"}}]
[{"$f":"IF(I90<>\"\",1+MAX($A$6:A89),\"\")","v":41},"C-2","C-7",null,"6\" Thick Plant Mix Bituminous Base - Mix-1",{"$f":"F86*0.5/27","v":{"v":72.10555555555555,"d":"72"}},{"v":0.1,"d":"10%"},{"v":79.31611111111111,"d":"79"},"CY",{"v":36.04,"d":"$36.0"},{"$f":"J90*H90","v":{"v":2858.5526444444445,"d":"$2,858.55"}},{"v":31.959999999999997,"d":"$31.96"},{"$f":"L90*H90","v":{"v":2534.942911111111,"d":"$2,534.94"}},{"v":68,"d":"$68.0"},{"$f":"N90*H90","v":{"v":5393.495555555555,"d":"$5,393"}}]
[{"$f":"IF(I91<>\"\",1+MAX($A$6:A90),\"\")","v":42},"C-2","C-7",null,"12\" Thick Density Approved Subgrade Or Imported Fill",{"$f":"F86*1/27","v":{"v":144.2111111111111,"d":"144"}},{"v":0.1,"d":"10%"},{"v":158.63222222222223,"d":"159"},"CY",{"v":21.15,"d":"$21.2"},{"$f":"J91*H91","v":{"v":3355.0715,"d":"$3,355.07"}},{"v":23.85,"d":"$23.85"},{"v":3783.3785000000003,"d":"$3,783.38"},{"v":45,"d":"$45.0"},{"v":7138.45,"d":"$7,138"}]
[{"$f":"IF(I92<>\"\",1+MAX($A$6:A91),\"\")","v":""}]
[{"$f":"IF(I93<>\"\",1+MAX($A$6:A92),\"\")","v":""},{"$nulls":3},"HEAVY DUTY CONCRETE PAVEMENT"]
[{"$f":"IF(I94<>\"\",1+MAX($A$6:A93),\"\")","v":""}]
[{"$f":"IF(I95<>\"\",1+MAX($A$6:A94),\"\")","v":43},"C-2","C-9",null,"6\" Reinforced Portland Cement Concrete Pavement",{"v":11041.94,"d":"11,042"},{"v":0.1,"d":"10%"},{"$f":"F95*(1+G95)","v":{"v":12146.134000000002,"d":"12146"}},"SF",{"v":6.58,"d":"$6.6"},{"$f":"J95*H95","v":{"v":79921.56172000001,"d":"$79,921.56"}},{"v":7.42,"d":"$7.42"},{"$f":"L95*H95","v":{"v":90124.31428,"d":"$90,124.31"}},{"v":14,"d":"$14.0"},{"$f":"N95*H95","v":{"v":170045.87600000002,"d":"$170,046"}}]
[{"$f":"IF(I96<>\"\",1+MAX($A$6:A95),\"\")","v":44},"C-2","C-9",null,"4\" Graded Aggregate Base Coarse",{"$f":"F95*0.33/27","v":{"v":134.95704444444448,"d":"135"}},{"v":0.1,"d":"10%"},{"$f":"F96*(1+G96)","v":{"v":148.45274888888895,"d":"148"}},"CY",{"v":29.150000000000002,"d":"$29.2"},{"$f":"J96*H96","v":{"v":4327.397630111113,"d":"$4,327.40"}},{"v":25.849999999999998,"d":"$25.85"},{"$f":"L96*H96","v":{"v":3837.503558777779,"d":"$3,837.50"}},{"v":55,"d":"$55.0"},{"$f":"N96*H96","v":{"v":8164.901188888892,"d":"$8,165"}}]
[{"$f":"IF(I97<>\"\",1+MAX($A$6:A96),\"\")","v":45},"C-2","C-9",null,"12\" Density Approved Subgrade Or Imported Fill",{"$f":"F95*1/27","v":{"v":408.96074074074073,"d":"409"}},{"v":0.1,"d":"10%"},{"$f":"F97*(1+G97)","v":{"v":449.85681481481487,"d":"450"}},"CY",{"v":16.45,"d":"$16.5"},{"$f":"J97*H97","v":{"v":7400.144603703704,"d":"$7,400.14"}},{"v":18.55,"d":"$18.55"},{"$f":"L97*H97","v":{"v":8344.843914814815,"d":"$8,344.84"}},{"v":35,"d":"$35.0"},{"$f":"N97*H97","v":{"v":15744.988518518521,"d":"$15,745"}}]
[{"$f":"IF(I98<>\"\",1+MAX($A$6:A97),\"\")","v":46},"C-2","C-9",null,"1/2\" Expansion Joint (Grey Flexible Self Leveling Joint Filler \"DOW 890SL, CRAFCO Roadsaver Silicon Or Approved) @ 40' O.C.",{"$f":"F95/40*2","v":{"v":552.097,"d":"552"}},{"v":0.1,"d":"10%"},{"$f":"F98*(1+G98)","v":{"v":607.3067,"d":"607"}},"LF",{"v":1.504,"d":"$1.5"},{"$f":"J98*H98","v":{"v":913.3892768,"d":"$913.39"}},{"v":1.6960000000000002,"d":"$1.70"},{"$f":"L98*H98","v":{"v":1029.9921632,"d":"$1,029.99"}},{"v":3.2,"d":"$3.2"},{"$f":"N98*H98","v":{"v":1943.38144,"d":"$1,943"}}]
[{"$f":"IF(I99<>\"\",1+MAX($A$6:A98),\"\")","v":""}]
[{"$f":"IF(I100<>\"\",1+MAX($A$6:A99),\"\")","v":""},{"$nulls":3},"STANDARD / LIGHT DUTY CONCRETE PAVEMENT"]
[{"$f":"IF(I101<>\"\",1+MAX($A$6:A100),\"\")","v":""}]
[{"$f":"IF(I102<>\"\",1+MAX($A$6:A101),\"\")","v":47},"C-2","C-9",null,"5\" Reinforced Portland Cement Concrete Pavement",{"v":25180.24,"d":"25,180"},{"v":0.1,"d":"10%"},{"$f":"F102*(1+G102)","v":{"v":27698.264000000003,"d":"27698"}},"SF",{"v":6.58,"d":"$6.6"},{"$f":"J102*H102","v":{"v":182254.57712000003,"d":"$182,254.58"}},{"v":7.42,"d":"$7.42"},{"$f":"L102*H102","v":{"v":205521.11888000002,"d":"$205,521.12"}},{"v":14,"d":"$14.0"},{"$f":"N102*H102","v":{"v":387775.69600000005,"d":"$387,776"}}]
[{"$f":"IF(I103<>\"\",1+MAX($A$6:A102),\"\")","v":48},"C-2","C-9",null,"4\" Graded Aggregate Base Coarse",{"$f":"F102*0.33/27","v":{"v":307.75848888888896,"d":"308"}},{"v":0.1,"d":"10%"},{"$f":"F103*(1+G103)","v":{"v":338.53433777777786,"d":"339"}},"CY",{"v":25.849999999999998,"d":"$25.9"},{"v":8751.112631555558,"d":"$8,751.11"},{"v":29.150000000000002,"d":"$29.15"},{"v":9868.275946222226,"d":"$9,868.28"},{"v":55,"d":"$55.0"},{"$f":"N103*H103","v":{"v":18619.388577777783,"d":"$18,619"}}]
[{"$f":"IF(I104<>\"\",1+MAX($A$6:A103),\"\")","v":49},"C-2","C-9",null,"12\" Density Approved Subgrade Or Imported Fill",{"$f":"F102*1/27","v":{"v":932.6014814814815,"d":"933"}},{"v":0.1,"d":"10%"},{"$f":"F104*(1+G104)","v":{"v":1025.8616296296298,"d":"1026"}},"CY",{"v":16.45,"d":"$16.5"},{"v":16875.42380740741,"d":"$16,875.42"},{"v":18.55,"d":"$18.55"},{"v":19029.733229629634,"d":"$19,029.73"},{"v":35,"d":"$35.0"},{"$f":"N104*H104","v":{"v":35905.15703703704,"d":"$35,905"}}]
[{"$f":"IF(I105<>\"\",1+MAX($A$6:A104),\"\")","v":50},"C-2","C-9",null,"1/2\" Expansion Joint (Grey Flexible Self Leveling Joint Filler \"DOW 890SL, CRAFCO Roadsaver Silicon Or Approved) @ 40' O.C.",{"$f":"F102/40*2","v":{"v":1259.0120000000002,"d":"1,259"}},{"v":0.1,"d":"10%"},{"$f":"F105*(1+G105)","v":{"v":1384.9132000000002,"d":"1385"}},"LF",{"v":1.504,"d":"$1.5"},{"v":2082.9094528000005,"d":"$2,082.91"},{"v":1.6960000000000002,"d":"$1.70"},{"v":2348.8127872000005,"d":"$2,348.81"},{"v":3.2,"d":"$3.2"},{"$f":"N105*H105","v":{"v":4431.722240000001,"d":"$4,432"}}]
[{"$f":"IF(I106<>\"\",1+MAX($A$6:A105),\"\")","v":""}]
[{"$f":"IF(I107<>\"\",1+MAX($A$6:A106),\"\")","v":""},{"$nulls":3},"CONCRETE FLUME"]
[{"$f":"IF(I108<>\"\",1+MAX($A$6:A107),\"\")","v":""}]
[{"$f":"IF(I109<>\"\",1+MAX($A$6:A108),\"\")","v":51},"C-2","C-9",null,"4\" Thick Concrete Flume",{"$f":"43.96*4","v":{"v":175.84,"d":"176"}},{"v":0.1,"d":"10%"},{"$f":"F109*(1+G109)","v":{"v":193.424,"d":"193"}},"SF",{"v":5.64,"d":"$5.6"},{"$f":"J109*H109","v":{"v":1090.91136,"d":"$1,090.91"}},{"v":6.36,"d":"$6.36"},{"$f":"L109*H109","v":{"v":1230.1766400000001,"d":"$1,230.18"}},{"v":12,"d":"$12.0"},{"$f":"N109*H109","v":{"v":2321.088,"d":"$2,321"}}]
[{"$f":"IF(I110<>\"\",1+MAX($A$6:A109),\"\")","v":52},"C-2","C-9",null,"6\"X6\"XW1.4 Welded Wire Fabric Mesh",{"$f":"F109","v":{"v":175.84,"d":"176"}},{"v":0.1,"d":"10%"},{"$f":"F110*(1+G110)","v":{"v":193.424,"d":"193"}},"SF",{"v":0.94,"d":"$0.9"},{"v":181.81856,"d":"$181.82"},{"v":1.06,"d":"$1.06"},{"v":205.02944000000002,"d":"$205.03"},{"v":2,"d":"$2.0"},{"$f":"N110*H110","v":{"v":386.848,"d":"$387"}}]
[{"$f":"IF(I111<>\"\",1+MAX($A$6:A110),\"\")","v":""}]
[{"$f":"IF(I112<>\"\",1+MAX($A$6:A111),\"\")","v":""},{"$nulls":3},"CONCRETE CURBS"]
[{"$f":"IF(I113<>\"\",1+MAX($A$6:A112),\"\")","v":""}]
[{"$f":"IF(I114<>\"\",1+MAX($A$6:A113),\"\")","v":53},"C-2","C-9",null,"24\" Concrete Curbs & Gutter",{"v":1502.27,"d":"1,502"},{"v":0.1,"d":"10%"},{"$f":"F114*(1+G114)","v":{"v":1652.497,"d":"1652"}},"LF",{"v":30.96,"d":"$31.0"},{"$f":"J114*H114","v":{"v":51161.307120000005,"d":"$51,161.31"}},{"v":41.04,"d":"$41.04"},{"$f":"L114*H114","v":{"v":67818.47688,"d":"$67,818.48"}},{"v":72,"d":"$72.0"},{"$f":"N114*H114","v":{"v":118979.784,"d":"$118,980"}}]
[{"$f":"IF(I115<>\"\",1+MAX($A$6:A114),\"\")","v":54},"C-2","C-9",null,"6\" Concrete Curbs",{"v":300.24,"d":"300"},{"v":0.1,"d":"10%"},{"$f":"F115*(1+G115)","v":{"v":330.264,"d":"330"}},"LF",{"v":22.36,"d":"$22.4"},{"$f":"J115*H115","v":{"v":7384.70304,"d":"$7,384.70"}},{"v":29.639999999999997,"d":"$29.64"},{"v":9789.024959999999,"d":"$9,789.02"},{"v":52,"d":"$52.0"},{"$f":"N115*H115","v":{"v":17173.728,"d":"$17,174"}}]
[{"$f":"IF(I116<>\"\",1+MAX($A$6:A115),\"\")","v":55},"C-2","C-9",null,"1/2\" Pre Molded Expansion Joint Along The Curb",{"$f":"F114+F115","v":{"v":1802.51,"d":"1,803"}},{"v":0.1,"d":"10%"},{"$f":"F116*(1+G116)","v":{"v":1982.7610000000002,"d":"1983"}},"LF",{"v":1.505,"d":"$1.5"},{"v":2984.055305,"d":"$2,984.06"},{"v":1.9949999999999999,"d":"$2.00"},{"v":3955.6081950000003,"d":"$3,955.61"},{"v":3.5,"d":"$3.5"},{"$f":"N116*H116","v":{"v":6939.663500000001,"d":"$6,940"}}]
[{"$f":"IF(I117<>\"\",1+MAX($A$6:A116),\"\")","v":""}]
[{"$f":"IF(I118<>\"\",1+MAX($A$6:A117),\"\")","v":""},{"$nulls":3},"MILL & WEARING"]
[{"$f":"IF(I119<>\"\",1+MAX($A$6:A118),\"\")","v":""}]
[{"$f":"IF(I120<>\"\",1+MAX($A$6:A119),\"\")","v":56},"C-2","C-9",null,"1-1/2\" Mill & Wearing Surface Overlay",{"v":2731.49,"d":"2,731"},{"v":0.1,"d":"10%"},{"$f":"F120*(1+G120)","v":{"v":3004.639,"d":"3005"}},"SF",{"v":4.5,"d":"$4.5"},{"$f":"J120*H120","v":{"v":13520.8755,"d":"$13,520.88"}},{"v":9.5,"d":"$9.50"},{"$f":"L120*H120","v":{"v":28544.0705,"d":"$28,544.07"}},{"v":14,"d":"$14.0"},{"$f":"N120*H120","v":{"v":42064.946,"d":"$42,065"}}]
[{"$f":"IF(I121<>\"\",1+MAX($A$6:A120),\"\")","v":""}]
[{"$f":"IF(I122<>\"\",1+MAX($A$6:A121),\"\")","v":""},{"$nulls":3},"WHEEL STOPPER"]
[{"$f":"IF(I123<>\"\",1+MAX($A$6:A122),\"\")","v":""}]
[{"$f":"IF(I124<>\"\",1+MAX($A$6:A123),\"\")","v":57},"C-2","C-9",null,"6' Long Pre Cast Wheel Stopper",27,{"v":0,"d":"0%"},{"$f":"F124*(1+G124)","v":27},"EA",{"v":18.016,"d":"$18.0"},{"$f":"J124*H124","v":{"v":486.43199999999996,"d":"$486.43"}},{"v":56.3,"d":"$56.30"},{"$f":"L124*H124","v":{"v":1520.1,"d":"$1,520.10"}},{"v":74.316,"d":"$74.3"},{"$f":"N124*H124","v":{"v":2006.5320000000002,"d":"$2,007"}}]
[{"$f":"IF(I125<>\"\",1+MAX($A$6:A124),\"\")","v":58},"C-2","C-9",null,"2#3 Bars Along The Length",{"$f":"2*27*6*0.376","v":{"v":121.824,"d":"122"}},{"v":0.1,"d":"10%"},{"$f":"F125*(1+G125)","v":{"v":134.0064,"d":"134"}},"LBS",{"v":0.9889999999999999,"d":"$1.0"},{"$f":"J125*H125","v":{"v":132.5323296,"d":"$132.53"}},{"v":1.3109999999999997,"d":"$1.31"},{"$f":"L125*H125","v":{"v":175.68239039999997,"d":"$175.68"}},{"v":2.3,"d":"$2.3"},{"$f":"N125*H125","v":{"v":308.21472,"d":"$308"}}]
[{"$f":"IF(I126<>\"\",1+MAX($A$6:A125),\"\")","v":""}]
[{"$f":"IF(I127<>\"\",1+MAX($A$6:A126),\"\")","v":""},{"$nulls":3},"STEEL BOLLARDS"]
[{"$f":"IF(I128<>\"\",1+MAX($A$6:A127),\"\")","v":""}]
[{"$f":"IF(I129<>\"\",1+MAX($A$6:A128),\"\")","v":59},"C-2","C-9",null,"4\" Dia Sch 40 Concrete Filled Pipe Bollard",42,{"v":0,"d":"0%"},{"$f":"F129*(1+G129)","v":42},"EA",{"v":288.1,"d":"$288.1"},{"$f":"J129*H129","v":{"v":12100.2,"d":"$12,100.20"}},{"v":381.9,"d":"$381.90"},{"$f":"L129*H129","v":{"v":16039.8,"d":"$16,039.80"}},{"v":670,"d":"$670.0"},{"$f":"N129*H129","v":{"v":28140,"d":"$28,140"}}]
[{"$f":"IF(I130<>\"\",1+MAX($A$6:A129),\"\")","v":""}]
[{"$f":"IF(I131<>\"\",1+MAX($A$6:A130),\"\")","v":""},{"$nulls":3},"FENCING & GATES"]
[{"$f":"IF(I132<>\"\",1+MAX($A$6:A131),\"\")","v":""}]
[{"$f":"IF(I133<>\"\",1+MAX($A$6:A132),\"\")","v":60},"C-2","C-9",null,"16' High Chain Link Fence",{"v":288.15,"d":"288"},{"v":0.1,"d":"10%"},{"$f":"F133*(1+G133)","v":{"v":316.965,"d":"317"}},"LF",{"v":18.919999999999998,"d":"$18.9"},{"$f":"J133*H133","v":{"v":5996.977799999999,"d":"$5,996.98"}},{"v":25.08,"d":"$25.08"},{"$f":"L133*H133","v":{"v":7949.482199999999,"d":"$7,949.48"}},{"v":44,"d":"$44.0"},{"$f":"N133*H133","v":{"v":13946.46,"d":"$13,946"}}]
[{"$f":"IF(I134<>\"\",1+MAX($A$6:A133),\"\")","v":61},"C-2","C-9",null,"8' High Chain Link Fence",{"v":50.22,"d":"50"},{"v":0.1,"d":"10%"},{"$f":"F134*(1+G134)","v":{"v":55.242000000000004,"d":"55"}},"LF",{"v":13.76,"d":"$13.8"},{"v":760.1299200000001,"d":"$760.13"},{"v":18.24,"d":"$18.24"},{"v":1007.61408,"d":"$1,007.61"},{"v":32,"d":"$32.0"},{"v":1767.7440000000001,"d":"$1,768"}]
[{"$f":"IF(I135<>\"\",1+MAX($A$6:A134),\"\")","v":62},"C-2","AS-1.1",null,"9 GA. Black Vinyl Coated (2\" Mesh) Chain Link Fabric - At 16' High Chain Link Fence",{"$f":"16*288.15","v":{"v":4610.4,"d":"4,610"}},{"v":0.1,"d":"10%"},{"$f":"F135*(1+G135)","v":{"v":5071.44,"d":"5071"}},"SF",{"v":2.58,"d":"$2.6"},{"$f":"J135*H135","v":{"v":13084.3152,"d":"$13,084.32"}},{"v":3.42,"d":"$3.42"},{"v":17344.3248,"d":"$17,344.32"},{"v":6,"d":"$6.0"},{"v":30428.64,"d":"$30,429"}]
[{"$f":"IF(I136<>\"\",1+MAX($A$6:A135),\"\")","v":63},"C-2","AS-1.1",null,"9 GA. Black Vinyl Coated (2\" Mesh) Chain Link Fabric - At 8' High Chain Link Fence",{"$f":"8*50.22","v":{"v":401.76,"d":"402"}},{"v":0.1,"d":"10%"},{"v":441.93600000000004,"d":"442"},"SF",{"v":2.58,"d":"$2.6"},{"v":1140.19488,"d":"$1,140.19"},{"v":3.42,"d":"$3.42"},{"v":1511.4211200000002,"d":"$1,511.42"},{"v":6,"d":"$6.0"},{"v":2651.616,"d":"$2,652"}]
[{"$f":"IF(I137<>\"\",1+MAX($A$6:A136),\"\")","v":64},"C-2","C-9",null,"(6'X8') Chain Link Fence Gate",1,{"v":0,"d":"0%"},{"$f":"F137*(1+G137)","v":1},"EA",{"v":206.4,"d":"$206.4"},{"v":206.4,"d":"$206.40"},{"v":273.59999999999997,"d":"$273.60"},{"$f":"L137*H137","v":{"v":273.59999999999997,"d":"$273.60"}},{"v":480,"d":"$480.0"},{"$f":"N137*H137","v":{"v":480,"d":"$480"}}]
[{"$f":"IF(I138<>\"\",1+MAX($A$6:A137),\"\")","v":65},"C-2","C-9",null,"20' Long Automatic Rolling Cantilevered Gate w/ Feedback Loop",1,{"v":0,"d":"0%"},{"$f":"F138*(1+G138)","v":1},"EA",{"v":3612,"d":"$3,612.0"},{"v":3612,"d":"$3,612.00"},{"v":4788,"d":"$4,788.00"},{"v":4788,"d":"$4,788.00"},{"v":8400,"d":"$8,400.0"},{"v":8400,"d":"$8,400"}]
[{"$f":"IF(I139<>\"\",1+MAX($A$6:A138),\"\")","v":66},"C-2","C-9",null,"20' Long Manual Rolling Cantilevered Gate",1,{"v":0,"d":"0%"},{"$f":"F139*(1+G139)","v":1},"EA",{"v":2580,"d":"$2,580.0"},{"v":2580,"d":"$2,580.00"},{"v":3419.9999999999995,"d":"$3,420.00"},{"v":3419.9999999999995,"d":"$3,420.00"},{"v":6000,"d":"$6,000.0"},{"v":6000,"d":"$6,000"}]
[{"$f":"IF(I140<>\"\",1+MAX($A$6:A139),\"\")","v":""}]
[{"$f":"IF(I141<>\"\",1+MAX($A$6:A140),\"\")","v":""},{"$nulls":3},"PARKING STRIPES"]
[{"$f":"IF(I142<>\"\",1+MAX($A$6:A141),\"\")","v":""}]
[{"$f":"IF(I143<>\"\",1+MAX($A$6:A142),\"\")","v":67},"C-2","C-9",null,"12\" Wide Painted White Parking Stripes",874,{"v":0.1,"d":"10%"},{"$f":"F143*(1+G143)","v":{"v":961.4000000000001,"d":"961"}},"LF",{"v":1.2240000000000002,"d":"$1.2"},{"$f":"J143*H143","v":{"v":1176.7536000000002,"d":"$1,176.75"}},{"v":0.5760000000000001,"d":"$0.58"},{"$f":"L143*H143","v":{"v":553.7664000000001,"d":"$553.77"}},{"v":1.8,"d":"$1.8"},{"$f":"N143*H143","v":{"v":1730.5200000000002,"d":"$1,731"}}]
[{"$f":"IF(I144<>\"\",1+MAX($A$6:A143),\"\")","v":68},"C-2","C-9",null,"4\" Painted Yellow Stripes",{"v":448.08,"d":"448"},{"v":0.1,"d":"10%"},{"v":492.88800000000003,"d":"493"},"LF",{"v":0.68,"d":"$0.7"},{"$f":"J144*H144","v":{"v":335.16384000000005,"d":"$335.16"}},{"v":0.32,"d":"$0.32"},{"$f":"L144*H144","v":{"v":157.72416,"d":"$157.72"}},{"v":1,"d":"$1.0"},{"$f":"N144*H144","v":{"v":492.88800000000003,"d":"$493"}}]
[{"$f":"IF(I145<>\"\",1+MAX($A$6:A144),\"\")","v":69},"C-2","C-9",null,"4\" Painted Yellow Stripes",{"v":570.62,"d":"571"},{"v":0.1,"d":"10%"},{"v":627.682,"d":"628"},"LF",{"v":0.68,"d":"$0.7"},{"v":426.82376000000005,"d":"$426.82"},{"v":0.32,"d":"$0.32"},{"v":200.85824000000002,"d":"$200.86"},{"v":1,"d":"$1.0"},{"v":627.682,"d":"$628"}]
[{"$f":"IF(I146<>\"\",1+MAX($A$6:A145),\"\")","v":70},"C-2","C-9",null,"4\" Painted White Parking Stripes",{"v":722.94,"d":"723"},{"v":0.1,"d":"10%"},{"v":795.2340000000002,"d":"795"},"LF",{"v":0.68,"d":"$0.7"},{"v":540.7591200000002,"d":"$540.76"},{"v":0.32,"d":"$0.32"},{"v":254.47488000000004,"d":"$254.47"},{"v":1,"d":"$1.0"},{"v":795.2340000000002,"d":"$795"}]
[{"$f":"IF(I147<>\"\",1+MAX($A$6:A146),\"\")","v":71},"C-2","C-9",null,"4\" Wide Painted White & Blue Parking Stripes",{"$f":"20*74","v":{"v":1480,"d":"1,480"}},{"v":0.1,"d":"10%"},{"v":1628.0000000000002,"d":"1628"},"LF",{"v":0.68,"d":"$0.7"},{"v":1107.0400000000002,"d":"$1,107.04"},{"v":0.32,"d":"$0.32"},{"v":520.96,"d":"$520.96"},{"v":1,"d":"$1.0"},{"v":1628.0000000000002,"d":"$1,628"}]
[{"$f":"IF(I148<>\"\",1+MAX($A$6:A147),\"\")","v":72},"C-2","C-9",null,"4\" Wide Painted Blue Parking Stripes ",{"$f":"20*74","v":{"v":1480,"d":"1,480"}},{"v":0.1,"d":"10%"},{"v":1628.0000000000002,"d":"1628"},"LF",{"v":0.68,"d":"$0.7"},{"v":1107.0400000000002,"d":"$1,107.04"},{"v":0.32,"d":"$0.32"},{"v":520.96,"d":"$520.96"},{"v":1,"d":"$1.0"},{"v":1628.0000000000002,"d":"$1,628"}]
[{"$f":"IF(I149<>\"\",1+MAX($A$6:A148),\"\")","v":73},"C-2","C-9",null,"5\" Solid Yellow Thermoplastic Striping",{"v":139.02,"d":"139"},{"v":0.1,"d":"10%"},{"v":152.92200000000003,"d":"153"},"LF",{"v":0.8160000000000001,"d":"$0.8"},{"v":124.78435200000003,"d":"$124.78"},{"v":0.384,"d":"$0.38"},{"v":58.72204800000001,"d":"$58.72"},{"v":1.2,"d":"$1.2"},{"v":183.5064,"d":"$184"}]
[{"$f":"IF(I150<>\"\",1+MAX($A$6:A149),\"\")","v":74},"C-2","C-9",null,"5\" Solid White Thermoplastic Striping",{"v":553.75,"d":"554"},{"v":0.1,"d":"10%"},{"v":609.125,"d":"609"},"LF",{"v":0.8160000000000001,"d":"$0.8"},{"v":497.04600000000005,"d":"$497.05"},{"v":0.384,"d":"$0.38"},{"v":233.904,"d":"$233.90"},{"v":1.2,"d":"$1.2"},{"v":730.9499999999999,"d":"$731"}]
[{"$f":"IF(I151<>\"\",1+MAX($A$6:A150),\"\")","v":75},"C-2","C-9",null,"5\" Dotted White Thermoplastic Striping",{"v":95.67,"d":"96"},{"v":0.1,"d":"10%"},{"v":105.23700000000001,"d":"105"},"LF",{"v":0.8840000000000001,"d":"$0.9"},{"v":93.02950800000002,"d":"$93.03"},{"v":0.41600000000000004,"d":"$0.42"},{"v":43.77859200000001,"d":"$43.78"},{"v":1.3,"d":"$1.3"},{"v":136.80810000000002,"d":"$137"}]
[{"$f":"IF(I152<>\"\",1+MAX($A$6:A151),\"\")","v":76},"C-2","C-9",null,"24\" White Thermoplastic Stop Bar",38,{"v":0.1,"d":"10%"},{"v":41.800000000000004,"d":"42"},"LF",{"v":1.4960000000000002,"d":"$1.5"},{"v":62.532800000000016,"d":"$62.53"},{"v":0.7040000000000001,"d":"$0.70"},{"v":29.427200000000006,"d":"$29.43"},{"v":2.2,"d":"$2.2"},{"v":91.96000000000002,"d":"$92"}]
[{"$f":"IF(I153<>\"\",1+MAX($A$6:A152),\"\")","v":""}]
[{"$f":"IF(I154<>\"\",1+MAX($A$6:A153),\"\")","v":""},{"$nulls":3},"PARKING SIGNAGE"]
[{"$f":"IF(I155<>\"\",1+MAX($A$6:A154),\"\")","v":""}]
[{"$f":"IF(I156<>\"\",1+MAX($A$6:A155),\"\")","v":77},"C-2","C-9",null,"Handicap Sign (McCue Bumper Sign) , Size: (2'-10\"X1'-6\")",4,{"v":0,"d":"0%"},{"$f":"F156*(1+G156)","v":4},"EA",{"v":43.4688,"d":"$43.5"},{"$f":"J156*H156","v":{"v":173.8752,"d":"$173.88"}},{"v":92.37120000000002,"d":"$92.37"},{"$f":"L156*H156","v":{"v":369.48480000000006,"d":"$369.48"}},{"v":135.84,"d":"$135.8"},{"$f":"N156*H156","v":{"v":543.36,"d":"$543"}}]
[{"$f":"IF(I157<>\"\",1+MAX($A$6:A156),\"\")","v":78},"C-2","C-9",null,"Veteran Parking Sign (McCue Bumper Sign) , Size: (2'-10\"X1'-6\")",2,{"v":0,"d":"0%"},2,"EA",{"v":43.4688,"d":"$43.5"},{"$f":"J157*H157","v":{"v":86.9376,"d":"$86.94"}},{"v":92.37120000000002,"d":"$92.37"},{"$f":"L157*H157","v":{"v":184.74240000000003,"d":"$184.74"}},{"v":135.84,"d":"$135.8"},{"$f":"N157*H157","v":{"v":271.68,"d":"$272"}}]
[{"$f":"IF(I158<>\"\",1+MAX($A$6:A157),\"\")","v":79},"C-2","C-9",null,"Online Customer Parking Sign (McCue Bumper Sign) , Size: (2'-11\"X1'-6\")",2,{"v":0,"d":"0%"},2,"EA",{"v":44.2368,"d":"$44.2"},{"v":88.4736,"d":"$88.47"},{"v":94.0032,"d":"$94.00"},{"$f":"L158*H158","v":{"v":188.0064,"d":"$188.01"}},{"v":138.24,"d":"$138.2"},{"$f":"N158*H158","v":{"v":276.48,"d":"$276"}}]
[{"$f":"IF(I159<>\"\",1+MAX($A$6:A158),\"\")","v":80},"C-2","C-9",null,"R1-1 Stop Sign , Size: (36\"X36\")",1,{"v":0,"d":"0%"},1,"EA",{"v":43.4688,"d":"$43.5"},{"v":43.4688,"d":"$43.47"},{"v":92.37120000000002,"d":"$92.37"},{"v":92.37120000000002,"d":"$92.37"},{"v":135.84,"d":"$135.8"},{"v":135.84,"d":"$136"}]
[{"$f":"IF(I160<>\"\",1+MAX($A$6:A159),\"\")","v":81},"C-2","C-9",null,"White \" ONLY \" Thermoplastic Traffic Legends",1,{"v":0,"d":"0%"},1,"EA",{"v":92.16,"d":"$92.2"},{"v":92.16,"d":"$92.16"},{"v":195.84,"d":"$195.84"},{"v":195.84,"d":"$195.84"},{"v":288,"d":"$288.0"},{"v":288,"d":"$288"}]
[{"$f":"IF(I161<>\"\",1+MAX($A$6:A160),\"\")","v":82},"C-2","C-9",null,"Thermoplastic Traffic Arrow Legends",2,{"v":0,"d":"0%"},2,"EA",{"v":25.6,"d":"$25.6"},{"v":51.2,"d":"$51.20"},{"v":54.400000000000006,"d":"$54.40"},{"$f":"L161*H161","v":{"v":108.80000000000001,"d":"$108.80"}},{"v":80,"d":"$80.0"},{"$f":"N161*H161","v":{"v":160,"d":"$160"}}]
[{"$f":"IF(I162<>\"\",1+MAX($A$6:A161),\"\")","v":83},"C-2","C-9",null,"Pylon Sign",1,{"v":0,"d":"0%"},1,"EA",{"v":38.4,"d":"$38.4"},{"v":38.4,"d":"$38.40"},{"v":81.60000000000001,"d":"$81.60"},{"$f":"L162*H162","v":{"v":81.60000000000001,"d":"$81.60"}},{"v":120,"d":"$120.0"},{"$f":"N162*H162","v":{"v":120,"d":"$120"}}]
[{"$f":"IF(I163<>\"\",1+MAX($A$6:A162),\"\")","v":84},"C-2","C-9",null,"Painted Handicap Symbol",4,{"v":0,"d":"0%"},4,"EA",{"v":40.96,"d":"$41.0"},{"v":163.84,"d":"$163.84"},{"v":87.04,"d":"$87.04"},{"$f":"L163*H163","v":{"v":348.16,"d":"$348.16"}},{"v":128,"d":"$128.0"},{"$f":"N163*H163","v":{"v":512,"d":"$512"}}]
[{"$f":"IF(I164<>\"\",1+MAX($A$6:A163),\"\")","v":85},"C-2","C-9",null,"Install MCCUE BS-VS Bumper Sign - 4' High",1,{"v":0,"d":"0%"},1,"EA",{"v":35.84,"d":"$35.8"},{"v":35.84,"d":"$35.84"},{"v":76.16000000000001,"d":"$76.16"},{"$f":"L164*H164","v":{"v":76.16000000000001,"d":"$76.16"}},{"v":112,"d":"$112.0"},{"$f":"N164*H164","v":{"v":112,"d":"$112"}}]
[{"$f":"IF(I165<>\"\",1+MAX($A$6:A164),\"\")","v":86},"C-2","C-9",null,"1/8\" Thick Wall Extruded Aluminum Post - 9' High (2' Embedded)",13,{"v":0,"d":"0%"},13,"EA",{"v":136,"d":"$136.0"},{"v":1768,"d":"$1,768.00"},{"v":289,"d":"$289.00"},{"$f":"L165*H165","v":{"v":3757,"d":"$3,757.00"}},{"v":425,"d":"$425.0"},{"$f":"N165*H165","v":{"v":5525,"d":"$5,525"}}]
[{"$f":"IF(I166<>\"\",1+MAX($A$6:A165),\"\")","v":""}]
[{"$f":"IF(I167<>\"\",1+MAX($A$6:A166),\"\")","v":""},{"$nulls":3},"TRAFFIC CONTROL SIGNAGE"]
[{"$f":"IF(I168<>\"\",1+MAX($A$6:A167),\"\")","v":""}]
[{"$f":"IF(I169<>\"\",1+MAX($A$6:A168),\"\")","v":87},"C-15","C-15",null,"W20-5 (24\"x24\") \"RIGHT LANE CLOSED 1500 FT\" Signage",1,{"v":0,"d":"0%"},{"$f":"F169*(1+G169)","v":1},"EA",{"v":59.2,"d":"$59.2"},{"$f":"J169*H169","v":{"v":59.2,"d":"$59.20"}},{"v":125.80000000000001,"d":"$125.80"},{"$f":"L169*H169","v":{"v":125.80000000000001,"d":"$125.80"}},{"v":185,"d":"$185.0"},{"$f":"N169*H169","v":{"v":185,"d":"$185"}}]
[{"$f":"IF(I170<>\"\",1+MAX($A$6:A169),\"\")","v":88},"C-15","C-15",null,"W20-5 (24\"x24\") \"RIGHT LANE CLOSED 1000 FT\" Signage",1,{"v":0,"d":"0%"},1,"EA",{"v":59.2,"d":"$59.2"},{"v":59.2,"d":"$59.20"},{"v":125.80000000000001,"d":"$125.80"},{"v":125.80000000000001,"d":"$125.80"},{"v":185,"d":"$185.0"},{"v":185,"d":"$185"}]
[{"$f":"IF(I171<>\"\",1+MAX($A$6:A170),\"\")","v":89},"C-15","C-15",null,"W4-2 (24\"x24\") Lane Turn Signage",2,{"v":0,"d":"0%"},2,"EA",{"v":44.800000000000004,"d":"$44.8"},{"v":89.60000000000001,"d":"$89.60"},{"v":95.2,"d":"$95.20"},{"v":190.4,"d":"$190.40"},{"v":140,"d":"$140.0"},{"v":280,"d":"$280"}]
[{"$f":"IF(I172<>\"\",1+MAX($A$6:A171),\"\")","v":90},"C-15","C-15",null,"W20-5 (24\"x24\") \" LEFT LANE CLOSED 1500 FT\" Signage",1,{"v":0,"d":"0%"},1,"EA",{"v":57.6,"d":"$57.6"},{"v":57.6,"d":"$57.60"},{"v":122.4,"d":"$122.40"},{"v":122.4,"d":"$122.40"},{"v":180,"d":"$180.0"},{"v":180,"d":"$180"}]
[{"$f":"IF(I173<>\"\",1+MAX($A$6:A172),\"\")","v":91},"C-15","C-15",null,"W20-5 (24\"x24\") \"LEFT LANE CLOSED 1000 FT\" Signage",1,{"v":0,"d":"0%"},1,"EA",{"v":57.6,"d":"$57.6"},{"v":57.6,"d":"$57.60"},{"v":122.4,"d":"$122.40"},{"v":122.4,"d":"$122.40"},{"v":180,"d":"$180.0"},{"v":180,"d":"$180"}]
[{"$f":"IF(I174<>\"\",1+MAX($A$6:A173),\"\")","v":92},"C-15","C-9",null,"1/8\" Thick Wall Extruded Aluminum Post - 9' High (2' Embedded)",6,{"v":0,"d":"0%"},6,"EA",{"v":136,"d":"$136.0"},{"v":816,"d":"$816.00"},{"v":289,"d":"$289.00"},{"v":1734,"d":"$1,734.00"},{"v":425,"d":"$425.0"},{"v":2550,"d":"$2,550"}]
[{"$f":"IF(I175<>\"\",1+MAX($A$6:A174),\"\")","v":""}]
[{"$f":"IF(I176<>\"\",1+MAX($A$6:A175),\"\")","v":""},{"$nulls":3},"MISC. ITEMS"]
[{"$f":"IF(I177<>\"\",1+MAX($A$6:A176),\"\")","v":""}]
[{"$f":"IF(I178<>\"\",1+MAX($A$6:A177),\"\")","v":93},"C-2","C-9",null,"Pre-Fabricated Steel Dock/ Ramp",{"v":916.67,"d":"917"},{"v":0.1,"d":"10%"},{"$f":"F178*(1+G178)","v":{"v":1008.337,"d":"1008"}},"SF",{"v":26.04,"d":"$26.0"},{"$f":"J178*H178","v":{"v":26257.09548,"d":"$26,257.10"}},{"v":35.96,"d":"$35.96"},{"$f":"L178*H178","v":{"v":36259.798520000004,"d":"$36,259.80"}},{"v":62,"d":"$62.0"},{"$f":"N178*H178","v":{"v":62516.894,"d":"$62,517"}}]
[{"$f":"IF(I179<>\"\",1+MAX($A$6:A178),\"\")","v":94},"C-2","C-9",null,"Proposed Location Propane Dispensing Pumping Station . Size: (4'X18')\nNote: No Details Found",1,{"v":0,"d":"0%"},{"$f":"F179*(1+G179)","v":1},"EA",{"v":1407,"d":"$1,407.0"},{"$f":"J179*H179","v":{"v":1407,"d":"$1,407.00"}},{"v":1942.9999999999998,"d":"$1,943.00"},{"$f":"L179*H179","v":{"v":1942.9999999999998,"d":"$1,943.00"}},{"v":3350,"d":"$3,350.0"},{"$f":"N179*H179","v":{"v":3350,"d":"$3,350"}}]
[{"$f":"IF(I180<>\"\",1+MAX($A$6:A179),\"\")","v":95},"C-2","AS-1.1",null,"(8'X12'X8') Metal Canopy w/ Structure , (Structure To Have Side Panels ,R - Panel Roof Color To Match Versatube \"Stone\" , Based On (29'X13') Concrete Pad)",1,{"v":0,"d":"0%"},{"$f":"F180*(1+G180)","v":1},"EA",{"v":1806,"d":"$1,806.0"},{"$f":"J180*H180","v":{"v":1806,"d":"$1,806.00"}},{"v":2494,"d":"$2,494.00"},{"$f":"L180*H180","v":{"v":2494,"d":"$2,494.00"}},{"v":4300,"d":"$4,300.0"},{"$f":"N180*H180","v":{"v":4300,"d":"$4,300"}}]
[{"$f":"IF(I181<>\"\",1+MAX($A$6:A180),\"\")","v":96},"C-2","C-9",null,"Trash Dumpster , Size: (4'-6\"X5'-6\")",1,{"v":0,"d":"0%"},{"$f":"F181*(1+G181)","v":1},"EA",{"v":1113,"d":"$1,113.0"},{"v":1113,"d":"$1,113.00"},{"v":1537,"d":"$1,537.00"},{"$f":"L181*H181","v":{"v":1537,"d":"$1,537.00"}},{"v":2650,"d":"$2,650.0"},{"$f":"N181*H181","v":{"v":2650,"d":"$2,650"}}]
[{"$f":"IF(I182<>\"\",1+MAX($A$6:A181),\"\")","v":""}]
[{"$f":"IF(I183<>\"\",1+MAX($A$6:A182),\"\")","v":""},{"$nulls":3},"SIGN POST FOOTING"]
[{"$f":"IF(I184<>\"\",1+MAX($A$6:A183),\"\")","v":""}]
[{"$f":"IF(I185<>\"\",1+MAX($A$6:A184),\"\")","v":97},"C-2","C-9",null,"8\" Dia Circular Footing - 2'-6\" High",{"v":0.61,"d":"1"},{"v":0.1,"d":"10%"},{"$f":"F185*(1+G185)","v":{"v":0.671,"d":"1"}},"CY",{"v":199.5,"d":"$199.5"},{"$f":"J185*H185","v":{"v":133.86450000000002,"d":"$133.86"}},{"v":275.5,"d":"$275.50"},{"$f":"L185*H185","v":{"v":184.8605,"d":"$184.86"}},{"v":475,"d":"$475.0"},{"$f":"N185*H185","v":{"v":318.725,"d":"$319"}}]
[{"$f":"IF(I186<>\"\",1+MAX($A$6:A185),\"\")","v":""}]
[{"$f":"IF(I187<>\"\",1+MAX($A$6:A186),\"\")","v":""},{"$nulls":3},"BOLLARD FOOTING"]
[{"$f":"IF(I188<>\"\",1+MAX($A$6:A187),\"\")","v":""}]
[{"$f":"IF(I189<>\"\",1+MAX($A$6:A188),\"\")","v":98},"C-2","C-9",null,"16\" Dia Concrete Footing  -4' High",{"v":8.6,"d":"9"},{"v":0.1,"d":"10%"},{"$f":"F189*(1+G189)","v":{"v":9.46,"d":"9"}},"CY",{"v":199.5,"d":"$199.5"},{"$f":"J189*H189","v":{"v":1887.2700000000002,"d":"$1,887.27"}},{"v":275.5,"d":"$275.50"},{"$f":"L189*H189","v":{"v":2606.23,"d":"$2,606.23"}},{"v":475,"d":"$475.0"},{"$f":"N189*H189","v":{"v":4493.5,"d":"$4,494"}}]
[{"$f":"IF(I190<>\"\",1+MAX($A$6:A189),\"\")","v":""}]
[{"$f":"IF(I191<>\"\",1+MAX($A$6:A190),\"\")","v":""},{"$nulls":3},"LANDSCAPE"]
[{"$f":"IF(I192<>\"\",1+MAX($A$6:A191),\"\")","v":""}]
[{"$f":"IF(I193<>\"\",1+MAX($A$6:A192),\"\")","v":99},"L-1","L-1",null,"Hydroseed ",{"v":18546,"d":"18,546"},{"v":0.1,"d":"10%"},{"$f":"F193*(1+G193)","v":{"v":20400.600000000002,"d":"20401"}},"SF",{"v":0.11660000000000001,"d":"$0.1"},{"$f":"J193*H193","v":{"v":2378.7099600000006,"d":"$2,378.71"}},{"v":0.10339999999999999,"d":"$0.10"},{"$f":"L193*H193","v":{"v":2109.42204,"d":"$2,109.42"}},{"v":0.22,"d":"$0.2"},{"$f":"N193*H193","v":{"v":4488.1320000000005,"d":"$4,488"}}]
[{"$f":"IF(I194<>\"\",1+MAX($A$6:A193),\"\")","v":100},"A-1.0","A-1.0",null,"Bahia grass ",{"v":65296,"d":"65,296"},{"v":0.1,"d":"10%"},{"$f":"F194*(1+G194)","v":{"v":71825.6,"d":"71826"}},"SF",{"v":0.1855,"d":"$0.2"},{"$f":"J194*H194","v":{"v":13323.6488,"d":"$13,323.65"}},{"v":0.16449999999999998,"d":"$0.16"},{"$f":"L194*H194","v":{"v":11815.3112,"d":"$11,815.31"}},{"v":0.35,"d":"$0.4"},{"$f":"N194*H194","v":{"v":25138.96,"d":"$25,139"}}]
[{"$f":"IF(I195<>\"\",1+MAX($A$6:A194),\"\")","v":""}]
[{"$f":"IF(I196<>\"\",1+MAX($A$6:A195),\"\")","v":""},{"$nulls":3},"TREES"]
[{"$f":"IF(I197<>\"\",1+MAX($A$6:A196),\"\")","v":101},"LP-200","LP-200",null,"Common Name: Sweetbay Magnolia , Size: 30 Gallon , Height: 10'-12'",3,{"v":0,"d":"0%"},{"$f":"F197*(1+G197)","v":3},"EA",{"v":650,"d":"$650.0"},{"$f":"J197*H197","v":{"v":1950,"d":"$1,950.00"}},{"v":410,"d":"$410.00"},{"$f":"L197*H197","v":{"v":1230,"d":"$1,230.00"}},{"v":1060,"d":"$1,060.0"},{"$f":"N197*H197","v":{"v":3180,"d":"$3,180"}}]
[{"$f":"IF(I198<>\"\",1+MAX($A$6:A197),\"\")","v":102},"LP-200","LP-200",null,"Common Name: Willow Oak , Size: 2\" Cal , Height: 8'-10'",5,{"v":0,"d":"0%"},{"$f":"F198*(1+G198)","v":5},"EA",{"v":825,"d":"$825.0"},{"$f":"J198*H198","v":{"v":4125,"d":"$4,125.00"}},{"v":995,"d":"$995.00"},{"$f":"L198*H198","v":{"v":4975,"d":"$4,975.00"}},{"v":1820,"d":"$1,820.0"},{"$f":"N198*H198","v":{"v":9100,"d":"$9,100"}}]
[{"$f":"IF(I199<>\"\",1+MAX($A$6:A198),\"\")","v":""}]
[{"$f":"IF(I200<>\"\",1+MAX($A$6:A199),\"\")","v":""},{"$nulls":3},"EROSION CONTROL"]
[{"$f":"IF(I201<>\"\",1+MAX($A$6:A200),\"\")","v":""}]
[{"$f":"IF(I202<>\"\",1+MAX($A$6:A201),\"\")","v":103},"C-13","C-14",null,"Construction Exit Pad - 12\" Thick Stone Aggregate",{"$f":"1*2634.25/27","v":{"v":97.56481481481481,"d":"98"}},{"v":0.1,"d":"10%"},{"$f":"F202*(1+G202)","v":{"v":107.3212962962963,"d":"107"}},"CY",{"v":39.75,"d":"$39.8"},{"$f":"J202*H202","v":{"v":4266.021527777778,"d":"$4,266.02"}},{"v":35.25,"d":"$35.25"},{"$f":"L202*H202","v":{"v":3783.0756944444443,"d":"$3,783.08"}},{"v":75,"d":"$75.0"},{"$f":"N202*H202","v":{"v":8049.097222222223,"d":"$8,049"}}]
[{"$f":"IF(I203<>\"\",1+MAX($A$6:A202),\"\")","v":104},"C-13","C-14",null,"Storm Water Basin",{"v":18797.03,"d":"18,797"},{"v":0.1,"d":"10%"},{"$f":"F203*(1+G203)","v":{"v":20676.733,"d":"20677"}},"SF",{"v":13.44,"d":"$13.4"},{"$f":"J203*H203","v":{"v":277895.29151999997,"d":"$277,895.29"}},{"v":28.560000000000002,"d":"$28.56"},{"$f":"L203*H203","v":{"v":590527.49448,"d":"$590,527.49"}},{"v":42,"d":"$42.0"},{"$f":"N203*H203","v":{"v":868422.786,"d":"$868,423"}}]
[{"$f":"IF(I204<>\"\",1+MAX($A$6:A203),\"\")","v":105},"C-13","C-14",null,"Debris Containment",{"v":237.72,"d":"238"},{"v":0.1,"d":"10%"},{"$f":"F204*(1+G204)","v":{"v":261.492,"d":"261"}},"SF",{"v":9.6,"d":"$9.6"},{"v":2510.3232000000003,"d":"$2,510.32"},{"v":20.400000000000002,"d":"$20.40"},{"$f":"L204*H204","v":{"v":5334.436800000001,"d":"$5,334.44"}},{"v":30,"d":"$30.0"},{"$f":"N204*H204","v":{"v":7844.76,"d":"$7,845"}}]
[{"$f":"IF(I205<>\"\",1+MAX($A$6:A204),\"\")","v":106},"C-13","C-14",null,"Class II Rip Rap w/ Fabric",{"v":584.93,"d":"585"},{"v":0.1,"d":"10%"},{"$f":"F205*(1+G205)","v":{"v":643.423,"d":"643"}},"SF",{"v":20.8,"d":"$20.8"},{"v":13383.198400000001,"d":"$13,383.20"},{"v":44.2,"d":"$44.20"},{"$f":"L205*H205","v":{"v":28439.2966,"d":"$28,439.30"}},{"v":65,"d":"$65.0"},{"$f":"N205*H205","v":{"v":41822.495,"d":"$41,822"}}]
[{"$f":"IF(I206<>\"\",1+MAX($A$6:A205),\"\")","v":""}]
[{"$f":"IF(I207<>\"\",1+MAX($A$6:A206),\"\")","v":107},"C-13","C-14",null,"Concrete Washout Area",{"v":113.53,"d":"114"},{"v":0.1,"d":"10%"},{"$f":"F207*(1+G207)","v":{"v":124.88300000000001,"d":"125"}},"SF",{"v":12.8,"d":"$12.8"},{"$f":"J207*H207","v":{"v":1598.5024000000003,"d":"$1,598.50"}},{"v":27.200000000000003,"d":"$27.20"},{"$f":"L207*H207","v":{"v":3396.8176000000008,"d":"$3,396.82"}},{"v":40,"d":"$40.0"},{"$f":"N207*H207","v":{"v":4995.320000000001,"d":"$4,995"}}]
[{"$f":"IF(I208<>\"\",1+MAX($A$6:A207),\"\")","v":108},"C-13","C-14",null,"Concrete Washout Plywood Signage , Size: (4'X2')",1,{"v":0,"d":"0%"},{"$f":"F208*(1+G208)","v":1},"EA",{"v":89.60000000000001,"d":"$89.6"},{"v":89.60000000000001,"d":"$89.60"},{"v":190.4,"d":"$190.40"},{"$f":"L208*H208","v":{"v":190.4,"d":"$190.40"}},{"v":280,"d":"$280.0"},{"$f":"N208*H208","v":{"v":280,"d":"$280"}}]
[{"$f":"IF(I209<>\"\",1+MAX($A$6:A208),\"\")","v":109},"C-13","C-14",null,"(3-1/2\"x3-1/2\") Wooden Sign Post - 8' High",2,{"v":0,"d":"0%"},{"$f":"F209*(1+G209)","v":2},"EA",{"v":196,"d":"$196.0"},{"v":392,"d":"$392.00"},{"v":416.50000000000006,"d":"$416.50"},{"$f":"L209*H209","v":{"v":833.0000000000001,"d":"$833.00"}},{"v":612.5,"d":"$612.5"},{"$f":"N209*H209","v":{"v":1225,"d":"$1,225"}}]
[{"$f":"IF(I210<>\"\",1+MAX($A$6:A209),\"\")","v":""}]
[{"$f":"IF(I211<>\"\",1+MAX($A$6:A210),\"\")","v":110},"C-1","C-1",null,"Silt Fence - Type A ( Sediment Barrier)",{"v":1959.06,"d":"1,959"},{"v":0.1,"d":"10%"},{"$f":"F211*(1+G211)","v":{"v":2154.966,"d":"2155"}},"LF",{"v":2.1291,"d":"$2.1"},{"$f":"J211*H211","v":{"v":4588.1381106,"d":"$4,588.14"}},{"v":2.4009,"d":"$2.40"},{"$f":"L211*H211","v":{"v":5173.8578694,"d":"$5,173.86"}},{"v":4.53,"d":"$4.5"},{"$f":"N211*H211","v":{"v":9761.99598,"d":"$9,762"}}]
[{"$f":"IF(I212<>\"\",1+MAX($A$6:A211),\"\")","v":111},"C-1","C-1",null,"Wattle",{"v":157.85,"d":"158"},{"v":0.1,"d":"10%"},{"$f":"F212*(1+G212)","v":{"v":173.63500000000002,"d":"174"}},"LF",{"v":1.28,"d":"$1.3"},{"$f":"J212*H212","v":{"v":222.25280000000004,"d":"$222.25"}},{"v":2.72,"d":"$2.72"},{"$f":"L212*H212","v":{"v":472.2872000000001,"d":"$472.29"}},{"v":4,"d":"$4.0"},{"$f":"N212*H212","v":{"v":694.5400000000001,"d":"$695"}}]
[{"$f":"IF(I213<>\"\",1+MAX($A$6:A212),\"\")","v":112},"C-13","C-14",null,"Inlet protection",7,{"v":0,"d":"0%"},{"$f":"F213*(1+G213)","v":7},"EA",{"v":117.5,"d":"$117.5"},{"$f":"J213*H213","v":{"v":822.5,"d":"$822.50"}},{"v":132.5,"d":"$132.50"},{"$f":"L213*H213","v":{"v":927.5,"d":"$927.50"}},{"v":250,"d":"$250.0"},{"$f":"N213*H213","v":{"v":1750,"d":"$1,750"}}]
[{"$f":"IF(I214<>\"\",1+MAX($A$6:A213),\"\")","v":113},"C-13","C-14",null,"Outlet Protection",7,{"v":0,"d":"0%"},{"$f":"F214*(1+G214)","v":7},"EA",{"v":117.5,"d":"$117.5"},{"$f":"J214*H214","v":{"v":822.5,"d":"$822.50"}},{"v":132.5,"d":"$132.50"},{"$f":"L214*H214","v":{"v":927.5,"d":"$927.50"}},{"v":250,"d":"$250.0"},{"$f":"N214*H214","v":{"v":1750,"d":"$1,750"}}]
[{"$f":"IF(I215<>\"\",1+MAX($A$6:A214),\"\")","v":""}]
[{"$f":"IF(I216<>\"\",1+MAX($A$6:A215),\"\")","v":""},null,null,"DIV. 33","UTILITIES",{"$nulls":10},{"$f":"SUM(O218:O302)","v":{"v":81403.44389200002,"d":"$81,403"}}]
[{"$f":"IF(I217<>\"\",1+MAX($A$6:A216),\"\")","v":""}]
[{"$f":"IF(I218<>\"\",1+MAX($A$6:A217),\"\")","v":""},{"$nulls":3},"STORM ITEMS"]
[{"$f":"IF(I219<>\"\",1+MAX($A$6:A218),\"\")","v":""}]
[{"$f":"IF(I220<>\"\",1+MAX($A$6:A219),\"\")","v":""},{"$nulls":3},"STORM PIPES"]
[{"$f":"IF(I221<>\"\",1+MAX($A$6:A220),\"\")","v":""}]
[{"$f":"IF(I222<>\"\",1+MAX($A$6:A221),\"\")","v":114},"C-4","C-10",null,"15\" Dia HDPE Drain Pipe",{"v":28.93,"d":"29"},{"v":0.1,"d":"10%"},{"$f":"F222*(1+G222)","v":{"v":31.823000000000004,"d":"32"}},"LF",{"v":8.4,"d":"$8.4"},{"$f":"J222*H222","v":{"v":267.31320000000005,"d":"$267.31"}},{"v":20,"d":"$20.00"},{"$f":"L222*H222","v":{"v":636.46,"d":"$636.46"}},{"v":28.4,"d":"$28.4"},{"$f":"N222*H222","v":{"v":903.7732000000001,"d":"$904"}}]
[{"$f":"IF(I223<>\"\",1+MAX($A$6:A222),\"\")","v":115},"C-4","C-10",null,"18\" Dia HDPE Drain Pipe",{"v":378.36,"d":"378"},{"v":0.1,"d":"10%"},{"$f":"F223*(1+G223)","v":{"v":416.196,"d":"416"}},"LF",{"v":10.08,"d":"$10.1"},{"$f":"J223*H223","v":{"v":4195.25568,"d":"$4,195.26"}},{"v":24,"d":"$24.00"},{"$f":"L223*H223","v":{"v":9988.704000000002,"d":"$9,988.70"}},{"v":34.08,"d":"$34.1"},{"$f":"N223*H223","v":{"v":14183.95968,"d":"$14,184"}}]
[{"$f":"IF(I224<>\"\",1+MAX($A$6:A223),\"\")","v":116},"C-4","C-10",null,"12\" Dia HDPE Drain Pipe",{"v":442.73,"d":"443"},{"v":0.1,"d":"10%"},{"$f":"F224*(1+G224)","v":{"v":487.00300000000004,"d":"487"}},"LF",{"v":6.3,"d":"$6.3"},{"$f":"J224*H224","v":{"v":3068.1189000000004,"d":"$3,068.12"}},{"v":15,"d":"$15.00"},{"$f":"L224*H224","v":{"v":7305.045000000001,"d":"$7,305.05"}},{"v":21.3,"d":"$21.3"},{"$f":"N224*H224","v":{"v":10373.163900000001,"d":"$10,373"}}]
[{"$f":"IF(I225<>\"\",1+MAX($A$6:A224),\"\")","v":117},"C-4","C-10",null,"24\" Dia RCP Drain Pipe",{"v":8.03,"d":"8"},{"v":0.1,"d":"10%"},{"$f":"F225*(1+G225)","v":{"v":8.833,"d":"9"}},"LF",{"v":11.76,"d":"$11.8"},{"$f":"J225*H225","v":{"v":103.87608,"d":"$103.88"}},{"v":28,"d":"$28.00"},{"$f":"L225*H225","v":{"v":247.324,"d":"$247.32"}},{"v":39.76,"d":"$39.8"},{"$f":"N225*H225","v":{"v":351.20008,"d":"$351"}}]
[{"$f":"IF(I226<>\"\",1+MAX($A$6:A225),\"\")","v":""}]
[{"$f":"IF(I227<>\"\",1+MAX($A$6:A226),\"\")","v":118},"C-4","C-10",null,"1\" Dia PVC Pipe - For Temporary Stormwater Drainage During Construction",{"v":43.96,"d":"44"},{"v":0.1,"d":"10%"},{"$f":"F227*(1+G227)","v":{"v":48.356,"d":"48"}},"LF",{"v":1.05,"d":"$1.1"},{"$f":"J227*H227","v":{"v":50.7738,"d":"$50.77"}},{"v":2.5,"d":"$2.50"},{"$f":"L227*H227","v":{"v":120.89,"d":"$120.89"}},{"v":3.55,"d":"$3.6"},{"$f":"N227*H227","v":{"v":171.6638,"d":"$172"}}]
[{"$f":"IF(I228<>\"\",1+MAX($A$6:A227),\"\")","v":""}]
[{"$f":"IF(I229<>\"\",1+MAX($A$6:A228),\"\")","v":""},{"$nulls":3},"STORM BENDS"]
[{"$f":"IF(I230<>\"\",1+MAX($A$6:A229),\"\")","v":""}]
[{"$f":"IF(I231<>\"\",1+MAX($A$6:A230),\"\")","v":119},"C-4","C-10",null,"(12\"X12\") 45 Deg Wye",2,{"v":0,"d":"0%"},{"$f":"F231*(1+G231)","v":2},"EA",{"v":14.7,"d":"$14.7"},{"$f":"J231*H231","v":{"v":29.4,"d":"$29.40"}},{"v":35,"d":"$35.00"},{"$f":"L231*H231","v":{"v":70,"d":"$70.00"}},{"v":49.7,"d":"$49.7"},{"$f":"N231*H231","v":{"v":99.4,"d":"$99"}}]
[{"$f":"IF(I232<>\"\",1+MAX($A$6:A231),\"\")","v":120},"C-4","C-10",null,"(12\"X6\") 45 Deg Wye",3,{"v":0,"d":"0%"},{"$f":"F232*(1+G232)","v":3},"EA",{"v":10.08,"d":"$10.1"},{"$f":"J232*H232","v":{"v":30.240000000000002,"d":"$30.24"}},{"v":24,"d":"$24.00"},{"$f":"L232*H232","v":{"v":72,"d":"$72.00"}},{"v":34.08,"d":"$34.1"},{"$f":"N232*H232","v":{"v":102.24,"d":"$102"}}]
[{"$f":"IF(I233<>\"\",1+MAX($A$6:A232),\"\")","v":""}]
[{"$f":"IF(I234<>\"\",1+MAX($A$6:A233),\"\")","v":""},{"$nulls":3},"STORM MISC. ITEMS"]
[{"$f":"IF(I235<>\"\",1+MAX($A$6:A234),\"\")","v":""}]
[{"$f":"IF(I236<>\"\",1+MAX($A$6:A235),\"\")","v":121},"C-4","C-10",null,"SI-1 Curb Inlet w/ Type C Grate , Manufacturer: R-3067 Neenah , Size: (3'X3')",1,{"v":0,"d":"0%"},{"$f":"F236*(1+G236)","v":1},"EA",{"v":333.9,"d":"$333.9"},{"$f":"J236*H236","v":{"v":333.9,"d":"$333.90"}},{"v":795,"d":"$795.00"},{"$f":"L236*H236","v":{"v":795,"d":"$795.00"}},{"v":1128.9,"d":"$1,128.9"},{"$f":"N236*H236","v":{"v":1128.9,"d":"$1,129"}}]
[{"$f":"IF(I237<>\"\",1+MAX($A$6:A236),\"\")","v":122},"C-4","C-10",null,"SI-2 Curb Inlet w/ Type C Grate, Manufacturer: R-3067 Neenah , Size: (3'X3')",1,{"v":0,"d":"0%"},1,"EA",{"v":333.9,"d":"$333.9"},{"v":333.9,"d":"$333.90"},{"v":795,"d":"$795.00"},{"v":795,"d":"$795.00"},{"v":1128.9,"d":"$1,128.9"},{"v":1128.9,"d":"$1,129"}]
[{"$f":"IF(I238<>\"\",1+MAX($A$6:A237),\"\")","v":123},"C-4","C-10",null,"SI-3 Curb Inlet w/ Type C Grate , Manufacturer: R-3067 Neenah , Size: (3'X3')",1,{"v":0,"d":"0%"},1,"EA",{"v":333.9,"d":"$333.9"},{"v":333.9,"d":"$333.90"},{"v":795,"d":"$795.00"},{"v":795,"d":"$795.00"},{"v":1128.9,"d":"$1,128.9"},{"v":1128.9,"d":"$1,129"}]
[{"$f":"IF(I239<>\"\",1+MAX($A$6:A238),\"\")","v":124},"C-4","C-10",null,"SI-4 Curb Inlet w/ Type C Grate , Manufacturer: R-3067 Neenah , Size: (3'X3')",1,{"v":0,"d":"0%"},1,"EA",{"v":333.9,"d":"$333.9"},{"v":333.9,"d":"$333.90"},{"v":795,"d":"$795.00"},{"v":795,"d":"$795.00"},{"v":1128.9,"d":"$1,128.9"},{"v":1128.9,"d":"$1,129"}]
[{"$f":"IF(I240<>\"\",1+MAX($A$6:A239),\"\")","v":125},"C-4","C-10",null,"12\" Clean Out",2,{"v":0,"d":"0%"},2,"EA",{"v":126,"d":"$126.0"},{"v":252,"d":"$252.00"},{"v":174,"d":"$174.00"},{"v":348,"d":"$348.00"},{"v":300,"d":"$300.0"},{"v":600,"d":"$600"}]
[{"$f":"IF(I241<>\"\",1+MAX($A$6:A240),\"\")","v":126},"C-4","C-10",null,"Connect 6\" PVC Drain Pipe To 12\" HDPE Drain Pipe",3,{"v":0,"d":"0%"},3,"EA",{"v":21.84,"d":"$21.8"},{"v":65.52,"d":"$65.52"},{"v":52,"d":"$52.00"},{"v":156,"d":"$156.00"},{"v":73.84,"d":"$73.8"},{"v":221.52,"d":"$222"}]
[{"$f":"IF(I242<>\"\",1+MAX($A$6:A241),\"\")","v":""}]
[{"$f":"IF(I243<>\"\",1+MAX($A$6:A242),\"\")","v":""},{"$nulls":3},"WATER ITEMS"]
[{"$f":"IF(I244<>\"\",1+MAX($A$6:A243),\"\")","v":""}]
[{"$f":"IF(I245<>\"\",1+MAX($A$6:A244),\"\")","v":""},{"$nulls":3},"WATER PIPES"]
[{"$f":"IF(I246<>\"\",1+MAX($A$6:A245),\"\")","v":""}]
[{"$f":"IF(I247<>\"\",1+MAX($A$6:A246),\"\")","v":127},"C-3","C-11",null,"6\" Dia C900 Fire Lane",{"v":396.37,"d":"396"},{"v":0.1,"d":"10%"},{"$f":"F247*(1+G247)","v":{"v":436.00700000000006,"d":"436"}},"LF",{"v":5.04,"d":"$5.0"},{"$f":"J247*H247","v":{"v":2197.47528,"d":"$2,197.48"}},{"v":12,"d":"$12.00"},{"$f":"L247*H247","v":{"v":5232.084000000001,"d":"$5,232.08"}},{"v":17.04,"d":"$17.0"},{"$f":"N247*H247","v":{"v":7429.55928,"d":"$7,430"}}]
[{"$f":"IF(I248<>\"\",1+MAX($A$6:A247),\"\")","v":128},"C-3","C-11",null,"2\" Dia PVC Water Pipe",{"v":382.54,"d":"383"},{"v":0.1,"d":"10%"},{"$f":"F248*(1+G248)","v":{"v":420.79400000000004,"d":"421"}},"LF",{"v":2.52,"d":"$2.5"},{"$f":"J248*H248","v":{"v":1060.4008800000001,"d":"$1,060.40"}},{"v":3.4799999999999995,"d":"$3.48"},{"$f":"L248*H248","v":{"v":1464.36312,"d":"$1,464.36"}},{"v":6,"d":"$6.0"},{"$f":"N248*H248","v":{"v":2524.764,"d":"$2,525"}}]
[{"$f":"IF(I249<>\"\",1+MAX($A$6:A248),\"\")","v":""}]
[{"$f":"IF(I250<>\"\",1+MAX($A$6:A249),\"\")","v":""},{"$nulls":3},"WATER PIPE BENDS"]
[{"$f":"IF(I251<>\"\",1+MAX($A$6:A250),\"\")","v":""}]
[{"$f":"IF(I252<>\"\",1+MAX($A$6:A251),\"\")","v":129},"C-3","C-11",null,"6\" C900 45 Deg Bend",1,{"v":0,"d":"0%"},{"$f":"F252*(1+G252)","v":1},"EA",{"v":15.800399999999998,"d":"$15.8"},{"$f":"J252*H252","v":{"v":15.800399999999998,"d":"$15.80"}},{"v":37.62,"d":"$37.62"},{"$f":"L252*H252","v":{"v":37.62,"d":"$37.62"}},{"v":53.420399999999994,"d":"$53.4"},{"$f":"N252*H252","v":{"v":53.420399999999994,"d":"$53"}}]
[{"$f":"IF(I253<>\"\",1+MAX($A$6:A252),\"\")","v":130},"C-3","C-11",null,"6\" C900 22.5 Deg Bend",1,{"v":0,"d":"0%"},1,"EA",{"v":14.7,"d":"$14.7"},{"v":14.7,"d":"$14.70"},{"v":35,"d":"$35.00"},{"v":35,"d":"$35.00"},{"v":49.7,"d":"$49.7"},{"v":49.7,"d":"$50"}]
[{"$f":"IF(I254<>\"\",1+MAX($A$6:A253),\"\")","v":131},"C-3","C-11",null,"6\" C900 90 Deg Bend",1,{"v":0,"d":"0%"},1,"EA",{"v":13.44,"d":"$13.4"},{"v":13.44,"d":"$13.44"},{"v":32,"d":"$32.00"},{"v":32,"d":"$32.00"},{"v":45.44,"d":"$45.4"},{"v":45.44,"d":"$45"}]
[{"$f":"IF(I255<>\"\",1+MAX($A$6:A254),\"\")","v":132},"C-3","C-11",null,"2\" PVC 45 Deg Bend",1,{"v":0,"d":"0%"},1,"EA",{"v":6.0396,"d":"$6.0"},{"v":6.0396,"d":"$6.04"},{"v":14.38,"d":"$14.38"},{"v":14.38,"d":"$14.38"},{"v":20.419600000000003,"d":"$20.4"},{"v":20.419600000000003,"d":"$20"}]
[{"$f":"IF(I256<>\"\",1+MAX($A$6:A255),\"\")","v":133},"C-3","C-11",null,"2\" PVC 22.5 Deg Bend",1,{"v":0,"d":"0%"},1,"EA",{"v":5.88,"d":"$5.9"},{"v":5.88,"d":"$5.88"},{"v":14,"d":"$14.00"},{"v":14,"d":"$14.00"},{"v":19.88,"d":"$19.9"},{"v":19.88,"d":"$20"}]
[{"$f":"IF(I257<>\"\",1+MAX($A$6:A256),\"\")","v":134},"C-3","C-11",null,"2\" PVC 90 Deg Bend",1,{"v":0,"d":"0%"},1,"EA",{"v":5.858999999999999,"d":"$5.9"},{"v":5.858999999999999,"d":"$5.86"},{"v":13.95,"d":"$13.95"},{"v":13.95,"d":"$13.95"},{"v":19.808999999999997,"d":"$19.8"},{"v":19.808999999999997,"d":"$20"}]
[{"$f":"IF(I258<>\"\",1+MAX($A$6:A257),\"\")","v":135},"C-3","C-11",null,"2\" PVC Tee Bend",1,{"v":0,"d":"0%"},1,"EA",{"v":6.871199999999999,"d":"$6.9"},{"v":6.871199999999999,"d":"$6.87"},{"v":16.36,"d":"$16.36"},{"v":16.36,"d":"$16.36"},{"v":23.231199999999998,"d":"$23.2"},{"v":23.231199999999998,"d":"$23"}]
[{"$f":"IF(I259<>\"\",1+MAX($A$6:A258),\"\")","v":""}]
[{"$f":"IF(I260<>\"\",1+MAX($A$6:A259),\"\")","v":""},{"$nulls":3},"MISC. ITEMS"]
[{"$f":"IF(I261<>\"\",1+MAX($A$6:A260),\"\")","v":""}]
[{"$f":"IF(I262<>\"\",1+MAX($A$6:A261),\"\")","v":136},"C-3","C-11",null,"(6\"X6\") Double Strap Stainless Saddle",2,{"v":0,"d":"0%"},{"$f":"F262*(1+G262)","v":2},"EA",{"v":74.88,"d":"$74.9"},{"$f":"J262*H262","v":{"v":149.76,"d":"$149.76"}},{"v":234,"d":"$234.00"},{"$f":"L262*H262","v":{"v":468,"d":"$468.00"}},{"v":308.88,"d":"$308.9"},{"$f":"N262*H262","v":{"v":617.76,"d":"$618"}}]
[{"$f":"IF(I263<>\"\",1+MAX($A$6:A262),\"\")","v":137},"C-3","C-11",null,"6\" C900 Pipe Valve",2,{"v":0,"d":"0%"},2,"EA",{"v":105.60000000000001,"d":"$105.6"},{"v":211.20000000000002,"d":"$211.20"},{"v":330,"d":"$330.00"},{"v":660,"d":"$660.00"},{"v":435.6,"d":"$435.6"},{"v":871.2,"d":"$871"}]
[{"$f":"IF(I264<>\"\",1+MAX($A$6:A263),\"\")","v":138},"C-3","C-11",null,"6\" C900 Post Indicator Valve",1,{"v":0,"d":"0%"},1,"EA",{"v":185.6,"d":"$185.6"},{"v":185.6,"d":"$185.60"},{"v":580,"d":"$580.00"},{"v":580,"d":"$580.00"},{"v":765.6,"d":"$765.6"},{"v":765.6,"d":"$766"}]
[{"$f":"IF(I265<>\"\",1+MAX($A$6:A264),\"\")","v":139},"C-3","C-11",null,"Fire Hydrant Assembly , Manufacturer: Mueller Centurion , Model: A-423",1,{"v":0,"d":"0%"},1,"EA",{"v":152.32,"d":"$152.3"},{"v":152.32,"d":"$152.32"},{"v":476,"d":"$476.00"},{"v":476,"d":"$476.00"},{"v":628.3199999999999,"d":"$628.3"},{"v":628.3199999999999,"d":"$628"}]
[{"$f":"IF(I266<>\"\",1+MAX($A$6:A265),\"\")","v":140},"C-3","C-11",null,"6\" Back Flow Preventer Device & Siamese Connection",1,{"v":0,"d":"0%"},1,"EA",{"v":270.4,"d":"$270.4"},{"v":270.4,"d":"$270.40"},{"v":845,"d":"$845.00"},{"v":845,"d":"$845.00"},{"v":1115.4,"d":"$1,115.4"},{"v":1115.4,"d":"$1,115"}]
[{"$f":"IF(I267<>\"\",1+MAX($A$6:A266),\"\")","v":141},"C-3","C-11",null,"6\" C900 Double Check Valve",1,{"v":0,"d":"0%"},1,"EA",{"v":230.4,"d":"$230.4"},{"v":230.4,"d":"$230.40"},{"v":720,"d":"$720.00"},{"v":720,"d":"$720.00"},{"v":950.4,"d":"$950.4"},{"v":950.4,"d":"$950"}]
[{"$f":"IF(I268<>\"\",1+MAX($A$6:A267),\"\")","v":142},"C-3","C-11",null,"2\" Domestic Water Meter",1,{"v":0,"d":"0%"},1,"EA",{"v":37.76,"d":"$37.8"},{"v":37.76,"d":"$37.76"},{"v":118,"d":"$118.00"},{"v":118,"d":"$118.00"},{"v":155.76,"d":"$155.8"},{"v":155.76,"d":"$156"}]
[{"$f":"IF(I269<>\"\",1+MAX($A$6:A268),\"\")","v":143},"C-3","C-11",null,"2\" Irrigation Meter",1,{"v":0,"d":"0%"},1,"EA",{"v":94.4,"d":"$94.4"},{"v":94.4,"d":"$94.40"},{"v":295,"d":"$295.00"},{"v":295,"d":"$295.00"},{"v":389.4,"d":"$389.4"},{"v":389.4,"d":"$389"}]
[{"$f":"IF(I270<>\"\",1+MAX($A$6:A269),\"\")","v":144},"C-3","C-11",null,"2\" PVC Double Check Valve",2,{"v":0,"d":"0%"},2,"EA",{"v":109.12,"d":"$109.1"},{"v":218.24,"d":"$218.24"},{"v":341,"d":"$341.00"},{"v":682,"d":"$682.00"},{"v":450.12,"d":"$450.1"},{"v":900.24,"d":"$900"}]
[{"$f":"IF(I271<>\"\",1+MAX($A$6:A270),\"\")","v":""}]
[{"$f":"IF(I272<>\"\",1+MAX($A$6:A271),\"\")","v":""},{"$nulls":3},"SANITARY ITEMS"]
[{"$f":"IF(I273<>\"\",1+MAX($A$6:A272),\"\")","v":""}]
[{"$f":"IF(I274<>\"\",1+MAX($A$6:A273),\"\")","v":""},{"$nulls":3},"SANITARY PIPES"]
[{"$f":"IF(I275<>\"\",1+MAX($A$6:A274),\"\")","v":""}]
[{"$f":"IF(I276<>\"\",1+MAX($A$6:A275),\"\")","v":145},"C-3","C-11",null,"6\" Dia SDR 26 PVC Sanitary Sewer Pipe",{"v":128.41,"d":"128"},{"v":0.1,"d":"10%"},{"$f":"F276*(1+G276)","v":{"v":141.251,"d":"141"}},"LF",{"v":3.4439999999999995,"d":"$3.4"},{"$f":"J276*H276","v":{"v":486.4684439999999,"d":"$486.47"}},{"v":8.2,"d":"$8.20"},{"$f":"L276*H276","v":{"v":1158.2582,"d":"$1,158.26"}},{"v":11.643999999999998,"d":"$11.6"},{"$f":"N276*H276","v":{"v":1644.7266439999999,"d":"$1,645"}}]
[{"$f":"IF(I277<>\"\",1+MAX($A$6:A276),\"\")","v":""}]
[{"$f":"IF(I278<>\"\",1+MAX($A$6:A277),\"\")","v":""},{"$nulls":3},"PIPE BENDS"]
[{"$f":"IF(I279<>\"\",1+MAX($A$6:A278),\"\")","v":""}]
[{"$f":"IF(I280<>\"\",1+MAX($A$6:A279),\"\")","v":146},"C-3","C-11",null,"(8\"X6\") Saddle Wye",1,{"v":0,"d":"0%"},{"$f":"F280*(1+G280)","v":1},"EA",{"v":34.44,"d":"$34.4"},{"$f":"J280*H280","v":{"v":34.44,"d":"$34.44"}},{"v":82,"d":"$82.00"},{"$f":"L280*H280","v":{"v":82,"d":"$82.00"}},{"v":116.44,"d":"$116.4"},{"$f":"N280*H280","v":{"v":116.44,"d":"$116"}}]
[{"$f":"IF(I281<>\"\",1+MAX($A$6:A280),\"\")","v":""}]
[{"$f":"IF(I282<>\"\",1+MAX($A$6:A281),\"\")","v":""},{"$nulls":3},"MISC. ITEMS"]
[{"$f":"IF(I283<>\"\",1+MAX($A$6:A282),\"\")","v":""}]
[{"$f":"IF(I284<>\"\",1+MAX($A$6:A283),\"\")","v":147},"C-3","C-11",null,"Two - Way Traffic Rated Cleanout",1,{"v":0,"d":"0%"},{"$f":"F284*(1+G284)","v":1},"EA",{"v":102.06,"d":"$102.1"},{"$f":"J284*H284","v":{"v":102.06,"d":"$102.06"}},{"v":243,"d":"$243.00"},{"$f":"L284*H284","v":{"v":243,"d":"$243.00"}},{"v":345.06,"d":"$345.1"},{"$f":"N284*H284","v":{"v":345.06,"d":"$345"}}]
[{"$f":"IF(I285<>\"\",1+MAX($A$6:A284),\"\")","v":""}]
[{"$f":"IF(I286<>\"\",1+MAX($A$6:A285),\"\")","v":""},{"$nulls":3},"GAS ITEMS"]
[{"$f":"IF(I287<>\"\",1+MAX($A$6:A286),\"\")","v":""}]
[{"$f":"IF(I288<>\"\",1+MAX($A$6:A287),\"\")","v":""},{"$nulls":3},"GAS PIPES"]
[{"$f":"IF(I289<>\"\",1+MAX($A$6:A288),\"\")","v":""}]
[{"$f":"IF(I290<>\"\",1+MAX($A$6:A289),\"\")","v":148},"C-3","C-11",null,"Gas Service Line - By others (For Schematic Purposes)",{"v":436.5,"d":"437"},{"v":0.1,"d":"10%"},{"$f":"F290*(1+G290)","v":{"v":480.15000000000003,"d":"480"}},"LF",{"v":10.5,"d":"$10.5"},{"$f":"J290*H290","v":{"v":5041.575000000001,"d":"$5,041.58"}},{"v":14.499999999999998,"d":"$14.50"},{"$f":"L290*H290","v":{"v":6962.174999999999,"d":"$6,962.18"}},{"v":25,"d":"$25.0"},{"$f":"N290*H290","v":{"v":12003.75,"d":"$12,004"}}]
[{"$f":"IF(I291<>\"\",1+MAX($A$6:A290),\"\")","v":""}]
[{"$f":"IF(I292<>\"\",1+MAX($A$6:A291),\"\")","v":""},{"$nulls":3},"ELECTRICAL ITEMS"]
[{"$f":"IF(I293<>\"\",1+MAX($A$6:A292),\"\")","v":""}]
[{"$f":"IF(I294<>\"\",1+MAX($A$6:A293),\"\")","v":""},{"$nulls":3},"ELECTRICAL LINES"]
[{"$f":"IF(I295<>\"\",1+MAX($A$6:A294),\"\")","v":""}]
[{"$f":"IF(I296<>\"\",1+MAX($A$6:A295),\"\")","v":149},"C-3","C-3",null,"Overhead Electric Service Conduits - By Others",{"v":302.37,"d":"302"},{"v":0.1,"d":"10%"},{"$f":"F296*(1+G296)","v":{"v":332.607,"d":"333"}},"LF",{"v":5.208,"d":"$5.2"},{"$f":"J296*H296","v":{"v":1732.2172560000001,"d":"$1,732.22"}},{"v":12.4,"d":"$12.40"},{"$f":"L296*H296","v":{"v":4124.326800000001,"d":"$4,124.33"}},{"v":17.608,"d":"$17.6"},{"$f":"N296*H296","v":{"v":5856.544056000001,"d":"$5,857"}}]
[{"$f":"IF(I297<>\"\",1+MAX($A$6:A296),\"\")","v":150},"C-3","C-3",null,"Underground Electric Service Conduits - By Others",{"v":141.73,"d":"142"},{"v":0.1,"d":"10%"},{"$f":"F297*(1+G297)","v":{"v":155.903,"d":"156"}},"LF",{"v":4.284,"d":"$4.3"},{"$f":"J297*H297","v":{"v":667.8884519999999,"d":"$667.89"}},{"v":10.2,"d":"$10.20"},{"$f":"L297*H297","v":{"v":1590.2105999999999,"d":"$1,590.21"}},{"v":14.483999999999998,"d":"$14.5"},{"$f":"N297*H297","v":{"v":2258.0990519999996,"d":"$2,258"}}]
[{"$f":"IF(I298<>\"\",1+MAX($A$6:A297),\"\")","v":""}]
[{"$f":"IF(I299<>\"\",1+MAX($A$6:A298),\"\")","v":""},{"$nulls":3},"MISC. ITEMS"]
[{"$f":"IF(I300<>\"\",1+MAX($A$6:A299),\"\")","v":""}]
[{"$f":"IF(I301<>\"\",1+MAX($A$6:A300),\"\")","v":151},"C-3","C-3",null,"Proposed Power Pole w/ Pole Mounted Transformer - By Others",1,{"v":0,"d":"0%"},{"$f":"F301*(1+G301)","v":1},"EA",{"v":3276,"d":"$3,276.0"},{"$f":"J301*H301","v":{"v":3276,"d":"$3,276.00"}},{"v":7800,"d":"$7,800.00"},{"$f":"L301*H301","v":{"v":7800,"d":"$7,800.00"}},{"v":11076,"d":"$11,076.0"},{"$f":"N301*H301","v":{"v":11076,"d":"$11,076"}}]
[{"$f":"IF(I302<>\"\",1+MAX($A$1:A290),\"\")","v":""}]
["SUB TOTAL",{"$nulls":13},{"$f":"SUM(O8:O302)","v":{"v":5496494.748649783,"d":"$5,496,495"}},{"$f":"SUM(P7:P302)","v":{"v":5496494.748649778,"d":"$5,496,495"}}]
["OVERHEAD & PROFIT (25%)",{"$nulls":12},{"v":0.25,"d":"25%"},{"$f":"N304*O303","v":{"v":1374123.6871624459,"d":"$1,374,124"}},{"$f":"N304*P303","v":{"v":1374123.6871624445,"d":"$1,374,124"}}]
["TOTAL BID",{"$nulls":13},{"$f":"SUM(O303:O304)","v":{"v":6870618.435812229,"d":"$6,870,618"}},{"$f":"SUM(P303:P304)","v":{"v":6870618.435812222,"d":"$6,870,618"}}]